{"text_format":"2","workbook":"xlsx","n_sheets":16,"sheets":["PFF","CROFF","RPE","RFE","PFP","RFA","RPP","RFP","PFP1.1_Topo","PFP1.2_Geo","PFP2.1_FatorKa","PFP2.2_FatorKb","PFP2.3_FatorKc","PFP3_FatorKd","CRO1_Ins-Pro","CRO2_Ins-Mes"],"not_rendered":{"charts":0,"images":0,"macros":0,"external_links":0,"defined_names":13,"comments":0,"pivot_tables":0},"unopened":[],"bounds":{"document_bytes":16777216,"sheet_cells":100000,"run_cost":"one","rows_first":2000,"rows_last":500,"rows_between":2000,"halvings":0,"cell_chars":16384,"cell_head_chars":4096},"cells_cut":0,"cells_raw":0,"read":"whole","date_system":"1900"}

{"sheet":"PFF","index":0,"n_rows":18,"n_cols":7,"rows_kept":18,"cut":false,"hidden":false,"merged":[[0,0,0,6],[17,0,17,5],[7,0,7,3],[7,4,7,5],[2,0,3,5],[4,0,4,6],[5,0,5,6],[6,0,6,3],[6,4,6,5]]}
["ANEXO II - PLANILHAS DE CUSTOS"]
[]
["PROPOSTA FINANCEIRA FINAL",{"$nulls":5},"CODIGO:"]
[{"$nulls":6},"PFF"]
["NOME DA CONSULTORA:"]
[]
["PROJETO:",null,null,null,"CONTRATANTE:",null,"BASE: Out/2023"]
["Unidade de Beneficiamento de Pescado/CE",null,null,null,"CODEVASF (SEDE)",null,"PROP: \nSINAPI/CE: \nSICRO/CE: Out/2023"]
["Co1","Cod2","Categoria / Insumo","Uni","Qde","CUD","CT"]
["1.0",null,"EVTEA",null,null,null,{"$f":"G11+G12","v":221073.90999999997}]
["1.1","RPE","Relatório Parcial EVTEA","Un",1,{"$f":"RPE!H27","v":64225.86},{"$f":"ROUND(E11*F11,2)","v":64225.86}]
["1.2","RFE","Relatório Final EVTEA","Un",1,{"$f":"RFE!H27","v":156848.05000000002},{"$f":"ROUND(E12*F12,2)","v":156848.04999999999}]
["2.0",null,"Estudos Ambientais",null,null,null,{"$f":"G14","v":131463.94}]
["2.1","RFA","Relatório Final Estudos Ambientais","Un",1,{"$f":"RFA!H27","v":131463.94},{"$f":"ROUND(E14*F14,2)","v":131463.94}]
["3.0",null,"Projeto Básico",null,null,null,{"$f":"G16+G17","v":207465.33}]
["3.1","RPP","Relatório Parcial Projeto Básico","Un",1,{"$f":"RPP!H27","v":41144.400000000001},{"$f":"ROUND(E16*F16,2)","v":41144.400000000001}]
["3.2","RFP","Relatório Final Projeto Básico","Un",1,{"$f":"RFP!H27","v":166320.93000000002},{"$f":"ROUND(E17*F17,2)","v":166320.93}]
["TOTAL DA PROPOSTA A PREÇO GLOBAL",{"$nulls":5},{"$f":"G15+G13+G10","v":560003.17999999993}]

{"sheet":"CROFF","index":1,"n_rows":23,"n_cols":7,"rows_kept":23,"cut":false,"hidden":false,"merged":[[20,0,20,1],[3,0,4,5],[17,0,17,1],[18,0,18,1],[19,0,19,1]]}
[]
[]
[]
["CRONOGRAMA FÍSICO FINANCEIRO",{"$nulls":5},"CÓDIGO:"]
[{"$nulls":6},"CROFF"]
["Item","Descrição","Total Por Etapa","30 DIAS","60 DIAS","90 DIAS","120 DIAS"]
["1.1",{"$f":"PFF!C11","v":"Relatório Parcial EVTEA"},1,1]
[null,null,{"$f":"PFF!G11","v":64225.86},{"$f":"ROUND($C$8*D7,2)","v":64225.86}]
["1.2",{"$f":"PFF!C12","v":"Relatório Final EVTEA"},1,null,1]
[null,null,{"$f":"PFF!G12","v":156848.04999999999},null,{"$f":"ROUND($C$10*E9,2)","v":156848.04999999999}]
["2.1",{"$f":"PFF!C14","v":"Relatório Final Estudos Ambientais"},1,null,null,1]
[null,null,{"$f":"PFF!G14","v":131463.94},null,null,{"$f":"ROUND($C$12*F11,2)","v":131463.94}]
["3.1",{"$f":"PFF!C16","v":"Relatório Parcial Projeto Básico"},1,null,null,1]
[null,null,{"$f":"PFF!G16","v":41144.400000000001},null,null,{"$f":"ROUND($C$14*F13,2)","v":41144.400000000001}]
["3.2",{"$f":"PFF!C17","v":"Relatório Final Projeto Básico"},1,null,null,null,1]
[null,null,{"$f":"PFF!G17","v":166320.93},null,null,null,{"$f":"ROUND($C$16*G15,2)","v":166320.93}]
[]
["Porcentagem",null,null,{"$f":"ROUND(D8+D12+D14+D10+D16,0)/$G$23","v":0.11468863444668298},{"$f":"SUM(E8+E12+E14+E10+E16)/$G$23","v":0.28008421309321851},{"$f":"SUM(F8+F12+F14+F10+F16)/$G$23","v":0.30822742827996086},{"$f":"SUM(G8+G12+G14+G10+G16)/$G$23","v":0.2969999741787181}]
["Custo",null,null,{"$f":"ROUND($G$23*D18,2)","v":64226},{"$f":"ROUND($G$23*E18,2)","v":156848.04999999999},{"$f":"ROUND($G$23*F18,2)","v":172608.34},{"$f":"ROUND($G$23*G18,2)","v":166320.93}]
["Porcentagem Acumulado",null,null,{"$f":"D18","v":0.11468863444668298},{"$f":"D20+E18","v":0.39477284753990149},0.70300027581986235,{"$f":"G18+F20","v":1.0000002499985805}]
["Custo Acumulado",null,null,{"$f":"D19","v":64226},221074.05,393682.39,{"$f":"G19+F21","v":560003.32000000007}]
[]
[null,null,null,"Total Geral",null,null,{"$f":"PFF!G18","v":560003.17999999993}]

{"sheet":"RPE","index":2,"n_rows":40,"n_cols":11,"rows_kept":40,"cut":false,"hidden":false,"merged":[[39,0,39,10],[33,0,33,10],[34,0,34,10],[35,0,35,10],[36,0,36,10],[37,0,37,10],[38,0,38,10],[32,0,32,10],[24,0,24,6],[24,7,24,10],[25,0,25,6],[25,7,25,10],[26,0,26,6],[26,7,26,10],[27,0,27,10],[28,0,28,10],[29,0,29,10],[30,0,30,10],[31,0,31,10],[23,0,23,6],[23,7,23,10],[0,0,1,8],[0,9,0,10],[1,9,1,10],[2,0,2,10],[3,0,3,10],[4,0,4,4],[4,5,4,8],[4,9,4,10],[5,0,5,4],[5,5,5,8],[5,9,5,10],[22,0,22,6],[22,7,22,10]]}
["RELATÓRIO PARCIAL EVTEA",{"$nulls":8},"CODIGO:"]
[{"$nulls":9},"RPE"]
["NOME DA CONSULTORA:"]
[]
["PROJETO:",{"$nulls":4},"CONTRATANTE:",null,null,null,"BASE: Out/2023"]
["Unidade de Beneficiamento de Pescado/CE",{"$nulls":4},"CODEVASF (SEDE)",null,null,null,"PROP: \nSINAPI/CE: \nSICRO/CE: Out/2023"]
["Base","Cod2","Cod3","Categoria / Insumo","Uni","Qde","CUD","PU","FatorK","CT","PT"]
["SICRO","MO3","P0","Engenheiro coordenador (P8061)","mês",{"$f":"'CRO1_Ins-Pro'!H5*0.2","v":0.2},17018.13,{"$f":"ROUND(I8*G8,2)","v":24575.88},{"$f":"'PFP2.3_FatorKc'!E36","v":1.4440999999999999},{"$f":"ROUND(F8*G8,2)","v":3403.63},{"$f":"ROUND(F8*H8,2)","v":4915.18}]
["SICRO","MO2","P1","Engenheiro sênior (P8067)","mês",{"$f":"'CRO1_Ins-Pro'!H6*0.8","v":0},14672.91,24874.98,{"$f":"'PFP2.2_FatorKb'!$E$36","v":1.6953},0,0]
["SICRO","MO1","P2","Engenheiro pleno (P8066)","mês",{"$f":"'CRO1_Ins-Pro'!H7*0.2","v":0.4},11469.24,{"$f":"ROUND(I10*G10,2)","v":27028.41},{"$f":"'PFP2.1_FatorKa'!$E$36","v":2.3565999999999998},{"$f":"ROUND(F10*G10,2)","v":4587.7},10811.36]
["SICRO","MO1","P3","Engenheiro júnior (P8065)","mês",{"$f":"'CRO1_Ins-Pro'!H8*0.2","v":0.4},11067,{"$f":"ROUND(I11*G11,2)","v":26080.49},{"$f":"'PFP2.1_FatorKa'!$E$36","v":2.3565999999999998},{"$f":"ROUND(F11*G11,2)","v":4426.8},10432.200000000001]
["SICRO","MO1","T1","Técnico de projetos/obra (P8147)","mês",{"$f":"'CRO1_Ins-Pro'!H9*0.2","v":0.4},3091.07,7284.42,{"$f":"'PFP2.1_FatorKa'!$E$36","v":2.3565999999999998},1236.43,2913.77]
["SICRO","MO1","D","Desenhista (P9848)","mês",{"$f":"'CRO1_Ins-Pro'!H10*0.2","v":0.4},2499.39,5890.06,{"$f":"'PFP2.1_FatorKa'!$E$36","v":2.3565999999999998},999.76,2356.02]
["SICRO","MO1","A1","Secretária (P8135)","mês",{"$f":"'CRO1_Ins-Pro'!H11*0.2","v":0.4},2335.81,5504.57,{"$f":"'PFP2.1_FatorKa'!$E$36","v":2.3565999999999998},934.32,2201.83]
["SICRO","EC","ECA","Encargos Comp. e Adicionais","mês",{"$f":"'CRO1_Ins-Pro'!H12*0.2","v":2.2000000000000002},{"$f":"677.01+301.42+9.98","v":988.41000000000008},1241.25,{"$f":"PFP3_FatorKd!$E$17","v":1.2558},2174.5,2730.75]
["PROP","EC","AT3","Auxilio Transporte Secretária","mês",{"$f":"'CRO1_Ins-Pro'!H13*0.2","v":0.4},{"$f":"IF((22*5)-(G14*0.06*22/30)>0,(22*5)-(G14*0.06*22/30),0)","v":7.2243600000000043},9.07,{"$f":"PFP3_FatorKd!$E$17","v":1.2558},2.89,3.63]
["CODE","LO","V1","Diárias","dia",{"$f":"'CRO1_Ins-Pro'!H14*0.2","v":4},239,300.14,{"$f":"PFP3_FatorKd!$E$17","v":1.2558},956,1200.56]
["PROP","LO","V2","Pick-up Cab.dupla 2.8 4x4 Diesel","dia",{"$f":"'CRO1_Ins-Pro'!H15*0.2","v":2},464.91,583.83000000000004,{"$f":"PFP3_FatorKd!$E$17","v":1.2558},929.82,1167.6600000000001]
["CODE","EM","M1","Relatório Parcial","un",{"$f":"'CRO1_Ins-Pro'!H16","v":1},34.412458175142888,43.22,{"$f":"PFP3_FatorKd!$E$17","v":1.2558},34.409999999999997,{"$f":"ROUND(F19*H19,2)","v":43.22}]
["CODE","EM","M2","Relatório Final","un",0,1525.9113388126327,1916.24,{"$f":"PFP3_FatorKd!$E$17","v":1.2558},0,{"$f":"ROUND(F20*H20,2)","v":0}]
["CODE","SU","TOP","Total Serviços Topográficos","un",{"$f":"'CRO1_Ins-Pro'!H18","v":1},"-",{"$f":"'PFP1.1_Topo'!G9","v":13260},"-","-",{"$f":"ROUND(F21*H21,2)","v":13260}]
["CODE","SU","GEO","Total Serviços Geotécnicos","un",{"$f":"'CRO1_Ins-Pro'!H19","v":1},"-",{"$f":"'PFP1.2_Geo'!G16","v":12189.679999999998},"-","-",{"$f":"ROUND(F22*H22,2)","v":12189.68}]
["TOTAL DOS CUSTOS DIRETOS",{"$nulls":6},{"$f":"SUM(J8:J22)","v":19686.259999999998}]
["TOTAL DOS ENCARGOS E DISPESAS DIVERSAS",{"$nulls":6},{"$f":"H25-H23","v":19089.920000000002}]
["TOTAL DA PROPOSTA A PREÇO GLOBAL",{"$nulls":6},{"$f":"SUM(K8:K20)","v":38776.18}]
["TOTAL DA PROPOSTA DEMAIS SERVIÇOS",{"$nulls":6},{"$f":"SUM(K21:K22)","v":25449.68}]
["TOTAL DA PROPOSTA",{"$nulls":6},{"$f":"H25+H26","v":64225.86}]
["OBSERVAÇÃO:"]
["Alocar os Insumos MO, com respectivo FatorK, dentro da categoria de vínculo contratual (celetista, autonomo, societario)"]
["Uni - unidade de medição do insumo;"]
["Qde - Quantidade do Insumo (não pode ocorrer alteração pela Licitante)"]
["CUD - Custo Unitário Direto do Insumo (sem encargos, taxas e impostos, valor não pode ser maior que o Orçado pela Codevasf)"]
["CT - Custo Total (sem encargos, taxas e impostos) - CT = Qde x CUD"]
["FatorK - Taxa de Ressarcimento de Despesas e Encargos (detalhar composição nas Planilhas \"PFP2.1\", \"PFP2.2\", \"PFP3\")"]
["PU - Preço Unitário do Insumo (incluído encargos, taxas e impostos) - PU = CUD x FatorK"]
["PT - Preço Total do Insumo (incluído encargos, taxas e impostos) - PT = Qde x PU"]
["P - Profissionais nível superior nas áreas de Engenharia, Química, Arquitetura, Agronomia e Veterinária, conforme disposições da Lei 4.950-A/66"]
["S - Profissionais de nível superior nas demais áreas de atuação, incluindo Arqueólogo, Biólogo, Geógrafo e Sociólogo"]
["T - Profissionais de nível médio técnico nas diversas áreas de atuação"]
["A - Profissionais de nível médio de apoio técnico-administrativo"]

{"sheet":"RFE","index":3,"n_rows":40,"n_cols":11,"rows_kept":40,"cut":false,"hidden":false,"merged":[[23,0,23,6],[23,7,23,10],[0,0,1,8],[0,9,0,10],[1,9,1,10],[2,0,2,10],[3,0,3,10],[4,0,4,4],[4,5,4,8],[4,9,4,10],[5,0,5,4],[5,5,5,8],[5,9,5,10],[22,0,22,6],[22,7,22,10],[32,0,32,10],[24,0,24,6],[24,7,24,10],[25,0,25,6],[25,7,25,10],[26,0,26,6],[26,7,26,10],[27,0,27,10],[28,0,28,10],[29,0,29,10],[30,0,30,10],[31,0,31,10],[39,0,39,10],[33,0,33,10],[34,0,34,10],[35,0,35,10],[36,0,36,10],[37,0,37,10],[38,0,38,10]]}
["RELATÓRIO FINAL EVTEA",{"$nulls":8},"CODIGO:"]
[{"$nulls":9},"RFE"]
["NOME DA CONSULTORA:"]
[]
["PROJETO:",{"$nulls":4},"CONTRATANTE:",null,null,null,"BASE: Out/2023"]
["Unidade de Beneficiamento de Pescado/CE",{"$nulls":4},"CODEVASF (SEDE)",null,null,null,"PROP: \nSINAPI/CE: \nSICRO/CE: Out/2023"]
["Base","Cod2","Cod3","Categoria / Insumo","Uni","Qde","CUD","PU","FatorK","CT","PT"]
["SICRO","MO3","P0","Engenheiro coordenador (P8061)","mês",{"$f":"'CRO1_Ins-Pro'!H5*0.8","v":0.8},17018.13,{"$f":"ROUND(I8*G8,2)","v":24575.88},{"$f":"'PFP2.3_FatorKc'!E36","v":1.4440999999999999},{"$f":"ROUND(F8*G8,2)","v":13614.5},{"$f":"ROUND(F8*H8,2)","v":19660.7}]
["SICRO","MO2","P1","Engenheiro sênior (P8067)","mês",{"$f":"'CRO1_Ins-Pro'!H6*0.8","v":0},14672.91,24874.98,{"$f":"'PFP2.2_FatorKb'!$E$36","v":1.6953},0,0]
["SICRO","MO1","P2","Engenheiro pleno (P8066)","mês",{"$f":"'CRO1_Ins-Pro'!H7*0.8","v":1.6},11469.24,{"$f":"ROUND(I10*G10,2)","v":27028.41},{"$f":"'PFP2.1_FatorKa'!$E$36","v":2.3565999999999998},{"$f":"ROUND(F10*G10,2)","v":18350.78},43245.46]
["SICRO","MO1","P3","Engenheiro júnior (P8065)","mês",{"$f":"'CRO1_Ins-Pro'!H8*0.8","v":1.6},11067,{"$f":"ROUND(I11*G11,2)","v":26080.49},{"$f":"'PFP2.1_FatorKa'!$E$36","v":2.3565999999999998},{"$f":"ROUND(F11*G11,2)","v":17707.2},41728.78]
["SICRO","MO1","T1","Técnico de projetos/obra (P8147)","mês",{"$f":"'CRO1_Ins-Pro'!H9*0.8","v":1.6},3091.07,7284.42,{"$f":"'PFP2.1_FatorKa'!$E$36","v":2.3565999999999998},4945.71,11655.07]
["SICRO","MO1","D","Desenhista (P9848)","mês",{"$f":"'CRO1_Ins-Pro'!H10*0.8","v":1.6},2499.39,5890.06,{"$f":"'PFP2.1_FatorKa'!$E$36","v":2.3565999999999998},3999.02,9424.1]
["SICRO","MO1","A1","Secretária (P8135)","mês",{"$f":"'CRO1_Ins-Pro'!H11*0.8","v":1.6},2335.81,5504.57,{"$f":"'PFP2.1_FatorKa'!$E$36","v":2.3565999999999998},3737.3,8807.31]
["SICRO","EC","ECA","Encargos Comp. e Adicionais","mês",{"$f":"'CRO1_Ins-Pro'!H12*0.8","v":8.8000000000000007},{"$f":"677.01+301.42+9.98","v":988.41000000000008},1241.25,{"$f":"PFP3_FatorKd!$E$17","v":1.2558},8698.01,10923]
["PROP","EC","AT3","Auxilio Transporte Secretária","mês",{"$f":"'CRO1_Ins-Pro'!H13*0.8","v":1.6},{"$f":"IF((22*5)-(G14*0.06*22/30)>0,(22*5)-(G14*0.06*22/30),0)","v":7.2243600000000043},9.07,{"$f":"PFP3_FatorKd!$E$17","v":1.2558},11.56,14.51]
["CODE","LO","V1","Diárias","dia",{"$f":"'CRO1_Ins-Pro'!H14*0.8","v":16},239,300.14,{"$f":"PFP3_FatorKd!$E$17","v":1.2558},3824,4802.24]
["PROP","LO","V2","Pick-up Cab.dupla 2.8 4x4 Diesel","dia",{"$f":"'CRO1_Ins-Pro'!H15*0.8","v":8},464.91,583.83000000000004,{"$f":"PFP3_FatorKd!$E$17","v":1.2558},3719.28,4670.6400000000003]
["CODE","EM","M1","Relatório Parcial","un",0,34.412458175142888,43.22,{"$f":"PFP3_FatorKd!$E$17","v":1.2558},0,{"$f":"ROUND(F19*H19,2)","v":0}]
["CODE","EM","M2","Relatório Final","un",{"$f":"'CRO1_Ins-Pro'!H17","v":1},1525.9113388126327,1916.24,{"$f":"PFP3_FatorKd!$E$17","v":1.2558},1525.91,{"$f":"ROUND(F20*H20,2)","v":1916.24}]
["CODE","SU","TOP","Total Serviços Topográficos","un",0,"-",{"$f":"'PFP1.1_Topo'!G9","v":13260},"-","-",{"$f":"ROUND(F21*H21,2)","v":0}]
["CODE","SU","GEO","Total Serviços Geotécnicos","un",0,"-",{"$f":"'PFP1.2_Geo'!G16","v":12189.679999999998},"-","-",{"$f":"ROUND(F22*H22,2)","v":0}]
["TOTAL DOS CUSTOS DIRETOS",{"$nulls":6},{"$f":"SUM(J8:J22)","v":80133.26999999999}]
["TOTAL DOS ENCARGOS E DISPESAS DIVERSAS",{"$nulls":6},{"$f":"H25-H23","v":76714.780000000028}]
["TOTAL DA PROPOSTA A PREÇO GLOBAL",{"$nulls":6},{"$f":"SUM(K8:K20)","v":156848.05000000002}]
["TOTAL DA PROPOSTA DEMAIS SERVIÇOS",{"$nulls":6},{"$f":"SUM(K21:K22)","v":0}]
["TOTAL DA PROPOSTA",{"$nulls":6},{"$f":"H25+H26","v":156848.05000000002}]
["OBSERVAÇÃO:"]
["Alocar os Insumos MO, com respectivo FatorK, dentro da categoria de vínculo contratual (celetista, autonomo, societario)"]
["Uni - unidade de medição do insumo;"]
["Qde - Quantidade do Insumo (não pode ocorrer alteração pela Licitante)"]
["CUD - Custo Unitário Direto do Insumo (sem encargos, taxas e impostos, valor não pode ser maior que o Orçado pela Codevasf)"]
["CT - Custo Total (sem encargos, taxas e impostos) - CT = Qde x CUD"]
["FatorK - Taxa de Ressarcimento de Despesas e Encargos (detalhar composição nas Planilhas \"PFP2.1\", \"PFP2.2\", \"PFP3\")"]
["PU - Preço Unitário do Insumo (incluído encargos, taxas e impostos) - PU = CUD x FatorK"]
["PT - Preço Total do Insumo (incluído encargos, taxas e impostos) - PT = Qde x PU"]
["P - Profissionais nível superior nas áreas de Engenharia, Química, Arquitetura, Agronomia e Veterinária, conforme disposições da Lei 4.950-A/66"]
["S - Profissionais de nível superior nas demais áreas de atuação, incluindo Arqueólogo, Biólogo, Geógrafo e Sociólogo"]
["T - Profissionais de nível médio técnico nas diversas áreas de atuação"]
["A - Profissionais de nível médio de apoio técnico-administrativo"]

{"sheet":"PFP","index":4,"n_rows":40,"n_cols":11,"rows_kept":40,"cut":false,"hidden":true,"merged":[[5,9,5,10],[5,5,5,8],[23,0,23,6],[23,7,23,10],[5,0,5,4],[22,0,22,6],[22,7,22,10],[0,0,1,8],[4,5,4,8],[0,9,0,10],[1,9,1,10],[4,9,4,10],[2,0,2,10],[3,0,3,10],[4,0,4,4],[39,0,39,10],[32,0,32,10],[34,0,34,10],[27,0,27,10],[33,0,33,10],[29,0,29,10],[35,0,35,10],[36,0,36,10],[37,0,37,10],[38,0,38,10],[30,0,30,10],[25,7,25,10],[25,0,25,6],[24,7,24,10],[24,0,24,6],[31,0,31,10],[26,0,26,6],[26,7,26,10],[28,0,28,10]]}
["PROPOSTA FINANCEIRA DO PROJETO",{"$nulls":8},"CODIGO:"]
[{"$nulls":9},"PFP"]
["NOME DA CONSULTORA:"]
[]
["PROJETO:",{"$nulls":4},"CONTRATANTE:",null,null,null,"BASE: Out/2023"]
["Unidade de Beneficiamento de Pescado/CE",{"$nulls":4},"CODEVASF (SEDE)",null,null,null,"PROP: \nSINAPI/TO: \nSICRO/NA: Out/2023"]
["Base","Cod2","Cod3","Categoria / Insumo","Uni","Qde","CUD","PU","FatorK","CT","PT"]
["SICRO","MO3","P0","Engenheiro coordenador (P8061)","mês",{"$f":"'CRO1_Ins-Pro'!D5","v":3},17018.13,{"$f":"ROUND(I8*G8,2)","v":24575.88},{"$f":"'PFP2.3_FatorKc'!E36","v":1.4440999999999999},{"$f":"ROUND(F8*G8,2)","v":51054.39},{"$f":"ROUND(F8*H8,2)","v":73727.64}]
["SICRO","MO2","P1","Engenheiro sênior (P8067)","mês",{"$f":"'CRO1_Ins-Pro'!D6","v":0},14672.91,24874.98,{"$f":"'PFP2.2_FatorKb'!$E$36","v":1.6953},0,0]
["SICRO","MO1","P2","Engenheiro pleno (P8066)","mês",{"$f":"'CRO1_Ins-Pro'!D7","v":5},11469.24,{"$f":"ROUND(I10*G10,2)","v":27028.41},{"$f":"'PFP2.1_FatorKa'!$E$36","v":2.3565999999999998},{"$f":"ROUND(F10*G10,2)","v":57346.2},135142.04999999999]
["SICRO","MO1","P3","Engenheiro júnior (P8065)","mês",{"$f":"'CRO1_Ins-Pro'!D8","v":5},11067,{"$f":"ROUND(I11*G11,2)","v":26080.49},{"$f":"'PFP2.1_FatorKa'!$E$36","v":2.3565999999999998},{"$f":"ROUND(F11*G11,2)","v":55335},130402.45]
["SICRO","MO1","T1","Técnico de projetos/obra (P8147)","mês",{"$f":"'CRO1_Ins-Pro'!D9","v":5},3091.07,7284.42,{"$f":"'PFP2.1_FatorKa'!$E$36","v":2.3565999999999998},15455.35,36422.1]
["SICRO","MO1","D","Desenhista (P9848)","mês",{"$f":"'CRO1_Ins-Pro'!D10","v":6},2499.39,5890.06,{"$f":"'PFP2.1_FatorKa'!$E$36","v":2.3565999999999998},14996.34,35340.36]
["SICRO","MO1","A1","Secretária (P8135)","mês",{"$f":"'CRO1_Ins-Pro'!D11","v":6},2335.81,{"$f":"ROUND(I14*G14,2)","v":5504.57},{"$f":"'PFP2.1_FatorKa'!$E$36","v":2.3565999999999998},{"$f":"ROUND(F14*G14,2)","v":14014.86},{"$f":"ROUND(F14*H14,2)","v":33027.42}]
["SICRO","EC","ECA","Encargos Comp. e Adicionais","mês",{"$f":"'CRO1_Ins-Pro'!D12","v":30},{"$f":"677.01+301.42+9.98","v":988.41000000000008},1241.25,{"$f":"PFP3_FatorKd!$E$17","v":1.2558},{"$f":"ROUND(F15*G15,2)","v":29652.3},{"$f":"ROUND(F15*H15,2)","v":37237.5}]
["PROP","EC","AT3","Auxilio Transporte Secretária","mês",{"$f":"'CRO1_Ins-Pro'!D13","v":6},{"$f":"IF((22*5)-(G14*0.06*22/30)>0,(22*5)-(G14*0.06*22/30),0)","v":7.2243600000000043},{"$f":"ROUND(I16*G16,2)","v":9.07},{"$f":"PFP3_FatorKd!$E$17","v":1.2558},{"$f":"ROUND(F16*G16,2)","v":43.35},{"$f":"ROUND(F16*H16,2)","v":54.42}]
["CODE","LO","V1","Diárias","dia",{"$f":"'CRO1_Ins-Pro'!D14","v":80},239,300.14,{"$f":"PFP3_FatorKd!$E$17","v":1.2558},19120,24011.200000000001]
["PROP","LO","V2","Pick-up Cab.dupla 2.8 4x4 Diesel","dia",{"$f":"'CRO1_Ins-Pro'!D15","v":40},464.91,583.83000000000004,{"$f":"PFP3_FatorKd!$E$17","v":1.2558},18596.400000000001,23353.200000000001]
["CODE","EM","M1","Relatório Parcial","un",{"$f":"'CRO1_Ins-Pro'!D16","v":2},34.412458175142888,43.22,{"$f":"PFP3_FatorKd!$E$17","v":1.2558},68.819999999999993,{"$f":"ROUND(F19*H19,2)","v":86.44}]
["CODE","EM","M2","Relatório Final","un",{"$f":"'CRO1_Ins-Pro'!D17","v":3},1525.9113388126327,1916.24,{"$f":"PFP3_FatorKd!$E$17","v":1.2558},4577.7299999999996,{"$f":"ROUND(F20*H20,2)","v":5748.72}]
["CODE","SU","TOP","Total Serviços Topográficos","un",{"$f":"'CRO1_Ins-Pro'!D18","v":1},"-",{"$f":"'PFP1.1_Topo'!G9","v":13260},"-","-",{"$f":"ROUND(F21*H21,2)","v":13260}]
["CODE","SU","GEO","Total Serviços Geotécnicos","un",{"$f":"'CRO1_Ins-Pro'!D19","v":1},"-",{"$f":"'PFP1.2_Geo'!G16","v":12189.679999999998},"-","-",{"$f":"ROUND(F22*H22,2)","v":12189.68}]
["TOTAL DOS CUSTOS DIRETOS",{"$nulls":6},{"$f":"SUM(J8:J22)","v":280260.74}]
["TOTAL DOS ENCARGOS E DISPESAS DIVERSAS",{"$nulls":6},{"$f":"H25-H23","v":254292.75999999989}]
["TOTAL DA PROPOSTA A PREÇO GLOBAL",{"$nulls":6},{"$f":"SUM(K8:K20)","v":534553.49999999988}]
["TOTAL DA PROPOSTA A PREÇO UNITÁRIO",{"$nulls":6},{"$f":"SUM(K21:K22)","v":25449.68}]
["TOTAL DA PROPOSTA",{"$nulls":6},{"$f":"H25+H26","v":560003.17999999993}]
["OBSERVAÇÃO:"]
["Alocar os Insumos MO, com respectivo FatorK, dentro da categoria de vínculo contratual (celetista, autonomo, societario)"]
["Uni - unidade de medição do insumo;"]
["Qde - Quantidade do Insumo (não pode ocorrer alteração pela Licitante)"]
["CUD - Custo Unitário Direto do Insumo (sem encargos, taxas e impostos, valor não pode ser maior que o Orçado pela Codevasf)"]
["CT - Custo Total (sem encargos, taxas e impostos) - CT = Qde x CUD"]
["FatorK - Taxa de Ressarcimento de Despesas e Encargos (detalhar composição nas Planilhas \"PFP2.1\", \"PFP2.2\", \"PFP3\")"]
["PU - Preço Unitário do Insumo (incluído encargos, taxas e impostos) - PU = CUD x FatorK"]
["PT - Preço Total do Insumo (incluído encargos, taxas e impostos) - PT = Qde x PU"]
["P - Profissionais nível superior nas áreas de Engenharia, Química, Arquitetura, Agronomia e Veterinária, conforme disposições da Lei 4.950-A/66"]
["S - Profissionais de nível superior nas demais áreas de atuação, incluindo Arqueólogo, Biólogo, Geógrafo e Sociólogo"]
["T - Profissionais de nível médio técnico nas diversas áreas de atuação"]
["A - Profissionais de nível médio de apoio técnico-administrativo"]

{"sheet":"RFA","index":5,"n_rows":40,"n_cols":11,"rows_kept":40,"cut":false,"hidden":false,"merged":[[23,0,23,6],[23,7,23,10],[0,0,1,8],[0,9,0,10],[1,9,1,10],[2,0,2,10],[3,0,3,10],[4,0,4,4],[4,5,4,8],[4,9,4,10],[5,0,5,4],[5,5,5,8],[5,9,5,10],[22,0,22,6],[22,7,22,10],[32,0,32,10],[24,0,24,6],[24,7,24,10],[25,0,25,6],[25,7,25,10],[26,0,26,6],[26,7,26,10],[27,0,27,10],[28,0,28,10],[29,0,29,10],[30,0,30,10],[31,0,31,10],[39,0,39,10],[33,0,33,10],[34,0,34,10],[35,0,35,10],[36,0,36,10],[37,0,37,10],[38,0,38,10]]}
["RELATÓRIO FINAL ESTUDOS AMBIENTAIS",{"$nulls":8},"CODIGO:"]
[{"$nulls":9},"RFA"]
["NOME DA CONSULTORA:"]
[]
["PROJETO:",{"$nulls":4},"CONTRATANTE:",null,null,null,"BASE: Out/2023"]
["Unidade de Beneficiamento de Pescado/CE",{"$nulls":4},"CODEVASF (SEDE)",null,null,null,"PROP: \nSINAPI/CE: \nSICRO/CE: Out/2023"]
["Base","Cod2","Cod3","Categoria / Insumo","Uni","Qde","CUD","PU","FatorK","CT","PT"]
["SICRO","MO3","P0","Engenheiro coordenador (P8061)","mês",{"$f":"'CRO1_Ins-Pro'!I5","v":1},17018.13,{"$f":"ROUND(I8*G8,2)","v":24575.88},{"$f":"'PFP2.3_FatorKc'!E36","v":1.4440999999999999},{"$f":"ROUND(F8*G8,2)","v":17018.13},{"$f":"ROUND(F8*H8,2)","v":24575.88}]
["SICRO","MO2","P1","Engenheiro sênior (P8067)","mês",{"$f":"'CRO1_Ins-Pro'!I6","v":0},14672.91,24874.98,{"$f":"'PFP2.2_FatorKb'!$E$36","v":1.6953},0,0]
["SICRO","MO1","P2","Engenheiro pleno (P8066)","mês",{"$f":"'CRO1_Ins-Pro'!I7","v":1},11469.24,{"$f":"ROUND(I10*G10,2)","v":27028.41},{"$f":"'PFP2.1_FatorKa'!$E$36","v":2.3565999999999998},{"$f":"ROUND(F10*G10,2)","v":11469.24},27028.41]
["SICRO","MO1","P3","Engenheiro júnior (P8065)","mês",{"$f":"'CRO1_Ins-Pro'!I8","v":1},11067,{"$f":"ROUND(I11*G11,2)","v":26080.49},{"$f":"'PFP2.1_FatorKa'!$E$36","v":2.3565999999999998},{"$f":"ROUND(F11*G11,2)","v":11067},26080.49]
["SICRO","MO1","T1","Técnico de projetos/obra (P8147)","mês",{"$f":"'CRO1_Ins-Pro'!I9","v":1},3091.07,7284.42,{"$f":"'PFP2.1_FatorKa'!$E$36","v":2.3565999999999998},3091.07,7284.42]
["SICRO","MO1","D","Desenhista (P9848)","mês",{"$f":"'CRO1_Ins-Pro'!I10","v":2},2499.39,5890.06,{"$f":"'PFP2.1_FatorKa'!$E$36","v":2.3565999999999998},4998.78,11780.12]
["SICRO","MO1","A1","Secretária (P8135)","mês",{"$f":"'CRO1_Ins-Pro'!I11","v":2},2335.81,5504.57,{"$f":"'PFP2.1_FatorKa'!$E$36","v":2.3565999999999998},4671.62,11009.14]
["SICRO","EC","ECA","Encargos Comp. e Adicionais","mês",{"$f":"'CRO1_Ins-Pro'!I12","v":8},{"$f":"677.01+301.42+9.98","v":988.41000000000008},1241.25,{"$f":"PFP3_FatorKd!$E$17","v":1.2558},7907.28,9930]
["PROP","EC","AT3","Auxilio Transporte Secretária","mês",{"$f":"'CRO1_Ins-Pro'!I13","v":2},{"$f":"IF((22*5)-(G14*0.06*22/30)>0,(22*5)-(G14*0.06*22/30),0)","v":7.2243600000000043},9.07,{"$f":"PFP3_FatorKd!$E$17","v":1.2558},14.45,18.14]
["CODE","LO","V1","Diárias","dia",{"$f":"'CRO1_Ins-Pro'!I14","v":20},239,300.14,{"$f":"PFP3_FatorKd!$E$17","v":1.2558},4780,6002.8]
["PROP","LO","V2","Pick-up Cab.dupla 2.8 4x4 Diesel","dia",{"$f":"'CRO1_Ins-Pro'!I15","v":10},464.91,583.83000000000004,{"$f":"PFP3_FatorKd!$E$17","v":1.2558},4649.1000000000004,5838.3]
["CODE","EM","M1","Relatório Parcial","un",0,34.412458175142888,43.22,{"$f":"PFP3_FatorKd!$E$17","v":1.2558},0,{"$f":"ROUND(F19*H19,2)","v":0}]
["CODE","EM","M2","Relatório Final","un",{"$f":"'CRO1_Ins-Pro'!I17","v":1},1525.9113388126327,1916.24,{"$f":"PFP3_FatorKd!$E$17","v":1.2558},1525.91,{"$f":"ROUND(F20*H20,2)","v":1916.24}]
["CODE","SU","TOP","Total Serviços Topográficos","un",0,"-",{"$f":"'PFP1.1_Topo'!G9","v":13260},"-","-",{"$f":"ROUND(F21*H21,2)","v":0}]
["CODE","SU","GEO","Total Serviços Geotécnicos","un",0,"-",{"$f":"'PFP1.2_Geo'!G16","v":12189.679999999998},"-","-",{"$f":"ROUND(F22*H22,2)","v":0}]
["TOTAL DOS CUSTOS DIRETOS",{"$nulls":6},{"$f":"SUM(J8:J22)","v":71192.58}]
["TOTAL DOS ENCARGOS E DISPESAS DIVERSAS",{"$nulls":6},{"$f":"H25-H23","v":60271.360000000001}]
["TOTAL DA PROPOSTA A PREÇO GLOBAL",{"$nulls":6},{"$f":"SUM(K8:K20)","v":131463.94}]
["TOTAL DA PROPOSTA DEMAIS SERVIÇOS",{"$nulls":6},{"$f":"SUM(K21:K22)","v":0}]
["TOTAL DA PROPOSTA",{"$nulls":6},{"$f":"H25+H26","v":131463.94}]
["OBSERVAÇÃO:"]
["Alocar os Insumos MO, com respectivo FatorK, dentro da categoria de vínculo contratual (celetista, autonomo, societario)"]
["Uni - unidade de medição do insumo;"]
["Qde - Quantidade do Insumo (não pode ocorrer alteração pela Licitante)"]
["CUD - Custo Unitário Direto do Insumo (sem encargos, taxas e impostos, valor não pode ser maior que o Orçado pela Codevasf)"]
["CT - Custo Total (sem encargos, taxas e impostos) - CT = Qde x CUD"]
["FatorK - Taxa de Ressarcimento de Despesas e Encargos (detalhar composição nas Planilhas \"PFP2.1\", \"PFP2.2\", \"PFP3\")"]
["PU - Preço Unitário do Insumo (incluído encargos, taxas e impostos) - PU = CUD x FatorK"]
["PT - Preço Total do Insumo (incluído encargos, taxas e impostos) - PT = Qde x PU"]
["P - Profissionais nível superior nas áreas de Engenharia, Química, Arquitetura, Agronomia e Veterinária, conforme disposições da Lei 4.950-A/66"]
["S - Profissionais de nível superior nas demais áreas de atuação, incluindo Arqueólogo, Biólogo, Geógrafo e Sociólogo"]
["T - Profissionais de nível médio técnico nas diversas áreas de atuação"]
["A - Profissionais de nível médio de apoio técnico-administrativo"]

{"sheet":"RPP","index":6,"n_rows":40,"n_cols":11,"rows_kept":40,"cut":false,"hidden":false,"merged":[[39,0,39,10],[33,0,33,10],[34,0,34,10],[35,0,35,10],[36,0,36,10],[37,0,37,10],[38,0,38,10],[32,0,32,10],[24,0,24,6],[24,7,24,10],[25,0,25,6],[25,7,25,10],[26,0,26,6],[26,7,26,10],[27,0,27,10],[28,0,28,10],[29,0,29,10],[30,0,30,10],[31,0,31,10],[23,0,23,6],[23,7,23,10],[0,0,1,8],[0,9,0,10],[1,9,1,10],[2,0,2,10],[3,0,3,10],[4,0,4,4],[4,5,4,8],[4,9,4,10],[5,0,5,4],[5,5,5,8],[5,9,5,10],[22,0,22,6],[22,7,22,10]]}
["RELATÓRIO PARCIAL PROJETO BÁSICO",{"$nulls":8},"CODIGO:"]
[{"$nulls":9},"RPP"]
["NOME DA CONSULTORA:"]
[]
["PROJETO:",{"$nulls":4},"CONTRATANTE:",null,null,null,"BASE: Out/2023"]
["Unidade de Beneficiamento de Pescado/CE",{"$nulls":4},"CODEVASF (SEDE)",null,null,null,"PROP: \nSINAPI/CE: \nSICRO/CE: Out/2023"]
["Base","Cod2","Cod3","Categoria / Insumo","Uni","Qde","CUD","PU","FatorK","CT","PT"]
["SICRO","MO3","P0","Engenheiro coordenador (P8061)","mês",{"$f":"'CRO1_Ins-Pro'!J5*0.2","v":0.2},17018.13,{"$f":"ROUND(I8*G8,2)","v":24575.88},{"$f":"'PFP2.3_FatorKc'!E36","v":1.4440999999999999},{"$f":"ROUND(F8*G8,2)","v":3403.63},{"$f":"ROUND(F8*H8,2)","v":4915.18}]
["SICRO","MO2","P1","Engenheiro sênior (P8067)","mês",{"$f":"'CRO1_Ins-Pro'!J6*0.2","v":0},14672.91,24874.98,{"$f":"'PFP2.2_FatorKb'!$E$36","v":1.6953},0,0]
["SICRO","MO1","P2","Engenheiro pleno (P8066)","mês",{"$f":"'CRO1_Ins-Pro'!J7*0.2","v":0.4},11469.24,{"$f":"ROUND(I10*G10,2)","v":27028.41},{"$f":"'PFP2.1_FatorKa'!$E$36","v":2.3565999999999998},{"$f":"ROUND(F10*G10,2)","v":4587.7},10811.36]
["SICRO","MO1","P3","Engenheiro júnior (P8065)","mês",{"$f":"'CRO1_Ins-Pro'!J8*0.2","v":0.4},11067,{"$f":"ROUND(I11*G11,2)","v":26080.49},{"$f":"'PFP2.1_FatorKa'!$E$36","v":2.3565999999999998},{"$f":"ROUND(F11*G11,2)","v":4426.8},10432.200000000001]
["SICRO","MO1","T1","Técnico de projetos/obra (P8147)","mês",{"$f":"'CRO1_Ins-Pro'!J9*0.2","v":0.4},3091.07,7284.42,{"$f":"'PFP2.1_FatorKa'!$E$36","v":2.3565999999999998},1236.43,2913.77]
["SICRO","MO1","D","Desenhista (P9848)","mês",{"$f":"'CRO1_Ins-Pro'!J10*0.2","v":0.4},2499.39,5890.06,{"$f":"'PFP2.1_FatorKa'!$E$36","v":2.3565999999999998},999.76,2356.02]
["SICRO","MO1","A1","Secretária (P8135)","mês",{"$f":"'CRO1_Ins-Pro'!J11*0.2","v":0.4},2335.81,5504.57,{"$f":"'PFP2.1_FatorKa'!$E$36","v":2.3565999999999998},934.32,2201.83]
["SICRO","EC","ECA","Encargos Comp. e Adicionais","mês",{"$f":"'CRO1_Ins-Pro'!J12*0.2","v":2.2000000000000002},{"$f":"677.01+301.42+9.98","v":988.41000000000008},1241.25,{"$f":"PFP3_FatorKd!$E$17","v":1.2558},2174.5,2730.75]
["PROP","EC","AT3","Auxilio Transporte Secretária","mês",{"$f":"'CRO1_Ins-Pro'!J13*0.2","v":0.4},{"$f":"IF((22*5)-(G14*0.06*22/30)>0,(22*5)-(G14*0.06*22/30),0)","v":7.2243600000000043},9.07,{"$f":"PFP3_FatorKd!$E$17","v":1.2558},2.89,3.63]
["CODE","LO","V1","Diárias","dia",{"$f":"'CRO1_Ins-Pro'!J14*0.2","v":8},239,300.14,{"$f":"PFP3_FatorKd!$E$17","v":1.2558},1912,2401.12]
["PROP","LO","V2","Pick-up Cab.dupla 2.8 4x4 Diesel","dia",{"$f":"'CRO1_Ins-Pro'!J15*0.2","v":4},464.91,583.83000000000004,{"$f":"PFP3_FatorKd!$E$17","v":1.2558},1859.64,2335.3200000000002]
["CODE","EM","M1","Relatório Parcial","un",{"$f":"'CRO1_Ins-Pro'!J16","v":1},34.412458175142888,43.22,{"$f":"PFP3_FatorKd!$E$17","v":1.2558},34.409999999999997,{"$f":"ROUND(F19*H19,2)","v":43.22}]
["CODE","EM","M2","Relatório Final","un",0,1525.9113388126327,1916.24,{"$f":"PFP3_FatorKd!$E$17","v":1.2558},0,{"$f":"ROUND(F20*H20,2)","v":0}]
["CODE","SU","TOP","Total Serviços Topográficos","un",0,"-",{"$f":"'PFP1.1_Topo'!G9","v":13260},"-","-",{"$f":"ROUND(F21*H21,2)","v":0}]
["CODE","SU","GEO","Total Serviços Geotécnicos","un",0,"-",{"$f":"'PFP1.2_Geo'!G16","v":12189.679999999998},"-","-",{"$f":"ROUND(F22*H22,2)","v":0}]
["TOTAL DOS CUSTOS DIRETOS",{"$nulls":6},{"$f":"SUM(J8:J22)","v":21572.079999999998}]
["TOTAL DOS ENCARGOS E DISPESAS DIVERSAS",{"$nulls":6},{"$f":"H25-H23","v":19572.320000000003}]
["TOTAL DA PROPOSTA A PREÇO GLOBAL",{"$nulls":6},{"$f":"SUM(K8:K20)","v":41144.400000000001}]
["TOTAL DA PROPOSTA DEMAIS SERVIÇOS",{"$nulls":6},{"$f":"SUM(K21:K22)","v":0}]
["TOTAL DA PROPOSTA",{"$nulls":6},{"$f":"H25+H26","v":41144.400000000001}]
["OBSERVAÇÃO:"]
["Alocar os Insumos MO, com respectivo FatorK, dentro da categoria de vínculo contratual (celetista, autonomo, societario)"]
["Uni - unidade de medição do insumo;"]
["Qde - Quantidade do Insumo (não pode ocorrer alteração pela Licitante)"]
["CUD - Custo Unitário Direto do Insumo (sem encargos, taxas e impostos, valor não pode ser maior que o Orçado pela Codevasf)"]
["CT - Custo Total (sem encargos, taxas e impostos) - CT = Qde x CUD"]
["FatorK - Taxa de Ressarcimento de Despesas e Encargos (detalhar composição nas Planilhas \"PFP2.1\", \"PFP2.2\", \"PFP3\")"]
["PU - Preço Unitário do Insumo (incluído encargos, taxas e impostos) - PU = CUD x FatorK"]
["PT - Preço Total do Insumo (incluído encargos, taxas e impostos) - PT = Qde x PU"]
["P - Profissionais nível superior nas áreas de Engenharia, Química, Arquitetura, Agronomia e Veterinária, conforme disposições da Lei 4.950-A/66"]
["S - Profissionais de nível superior nas demais áreas de atuação, incluindo Arqueólogo, Biólogo, Geógrafo e Sociólogo"]
["T - Profissionais de nível médio técnico nas diversas áreas de atuação"]
["A - Profissionais de nível médio de apoio técnico-administrativo"]

{"sheet":"RFP","index":7,"n_rows":40,"n_cols":11,"rows_kept":40,"cut":false,"hidden":false,"merged":[[23,0,23,6],[23,7,23,10],[0,0,1,8],[0,9,0,10],[1,9,1,10],[2,0,2,10],[3,0,3,10],[4,0,4,4],[4,5,4,8],[4,9,4,10],[5,0,5,4],[5,5,5,8],[5,9,5,10],[22,0,22,6],[22,7,22,10],[32,0,32,10],[24,0,24,6],[24,7,24,10],[25,0,25,6],[25,7,25,10],[26,0,26,6],[26,7,26,10],[27,0,27,10],[28,0,28,10],[29,0,29,10],[30,0,30,10],[31,0,31,10],[39,0,39,10],[33,0,33,10],[34,0,34,10],[35,0,35,10],[36,0,36,10],[37,0,37,10],[38,0,38,10]]}
["RELATÓRIO FINAL PROJETO BÁSICO",{"$nulls":8},"CODIGO:"]
[{"$nulls":9},"RFP"]
["NOME DA CONSULTORA:"]
[]
["PROJETO:",{"$nulls":4},"CONTRATANTE:",null,null,null,"BASE: Out/2023"]
["Unidade de Beneficiamento de Pescado/CE",{"$nulls":4},"CODEVASF (SEDE)",null,null,null,"PROP: \nSINAPI/CE: \nSICRO/CE: Out/2023"]
["Base","Cod2","Cod3","Categoria / Insumo","Uni","Qde","CUD","PU","FatorK","CT","PT"]
["SICRO","MO3","P0","Engenheiro coordenador (P8061)","mês",{"$f":"'CRO1_Ins-Pro'!J5*0.8","v":0.8},17018.13,{"$f":"ROUND(I8*G8,2)","v":24575.88},{"$f":"'PFP2.3_FatorKc'!E36","v":1.4440999999999999},{"$f":"ROUND(F8*G8,2)","v":13614.5},{"$f":"ROUND(F8*H8,2)","v":19660.7}]
["SICRO","MO2","P1","Engenheiro sênior (P8067)","mês",{"$f":"'CRO1_Ins-Pro'!J6*0.8","v":0},14672.91,24874.98,{"$f":"'PFP2.2_FatorKb'!$E$36","v":1.6953},0,0]
["SICRO","MO1","P2","Engenheiro pleno (P8066)","mês",{"$f":"'CRO1_Ins-Pro'!J7*0.8","v":1.6},11469.24,{"$f":"ROUND(I10*G10,2)","v":27028.41},{"$f":"'PFP2.1_FatorKa'!$E$36","v":2.3565999999999998},{"$f":"ROUND(F10*G10,2)","v":18350.78},43245.46]
["SICRO","MO1","P3","Engenheiro júnior (P8065)","mês",{"$f":"'CRO1_Ins-Pro'!J8*0.8","v":1.6},11067,{"$f":"ROUND(I11*G11,2)","v":26080.49},{"$f":"'PFP2.1_FatorKa'!$E$36","v":2.3565999999999998},{"$f":"ROUND(F11*G11,2)","v":17707.2},41728.78]
["SICRO","MO1","T1","Técnico de projetos/obra (P8147)","mês",{"$f":"'CRO1_Ins-Pro'!J9*0.8","v":1.6},3091.07,7284.42,{"$f":"'PFP2.1_FatorKa'!$E$36","v":2.3565999999999998},4945.71,11655.07]
["SICRO","MO1","D","Desenhista (P9848)","mês",{"$f":"'CRO1_Ins-Pro'!J10*0.8","v":1.6},2499.39,5890.06,{"$f":"'PFP2.1_FatorKa'!$E$36","v":2.3565999999999998},3999.02,9424.1]
["SICRO","MO1","A1","Secretária (P8135)","mês",{"$f":"'CRO1_Ins-Pro'!J11*0.8","v":1.6},2335.81,5504.57,{"$f":"'PFP2.1_FatorKa'!$E$36","v":2.3565999999999998},3737.3,8807.31]
["SICRO","EC","ECA","Encargos Comp. e Adicionais","mês",{"$f":"'CRO1_Ins-Pro'!J12*0.8","v":8.8000000000000007},{"$f":"677.01+301.42+9.98","v":988.41000000000008},1241.25,{"$f":"PFP3_FatorKd!$E$17","v":1.2558},8698.01,10923]
["PROP","EC","AT3","Auxilio Transporte Secretária","mês",{"$f":"'CRO1_Ins-Pro'!J13*0.8","v":1.6},{"$f":"IF((22*5)-(G14*0.06*22/30)>0,(22*5)-(G14*0.06*22/30),0)","v":7.2243600000000043},9.07,{"$f":"PFP3_FatorKd!$E$17","v":1.2558},11.56,14.51]
["CODE","LO","V1","Diárias","dia",{"$f":"'CRO1_Ins-Pro'!J14*0.8","v":32},239,300.14,{"$f":"PFP3_FatorKd!$E$17","v":1.2558},7648,9604.48]
["PROP","LO","V2","Pick-up Cab.dupla 2.8 4x4 Diesel","dia",{"$f":"'CRO1_Ins-Pro'!J15*0.8","v":16},464.91,583.83000000000004,{"$f":"PFP3_FatorKd!$E$17","v":1.2558},7438.56,9341.2800000000007]
["CODE","EM","M1","Relatório Parcial","un",0,34.412458175142888,43.22,{"$f":"PFP3_FatorKd!$E$17","v":1.2558},0,{"$f":"ROUND(F19*H19,2)","v":0}]
["CODE","EM","M2","Relatório Final","un",{"$f":"'CRO1_Ins-Pro'!J17","v":1},1525.9113388126327,1916.24,{"$f":"PFP3_FatorKd!$E$17","v":1.2558},1525.91,{"$f":"ROUND(F20*H20,2)","v":1916.24}]
["CODE","SU","TOP","Total Serviços Topográficos","un",0,"-",{"$f":"'PFP1.1_Topo'!G9","v":13260},"-","-",{"$f":"ROUND(F21*H21,2)","v":0}]
["CODE","SU","GEO","Total Serviços Geotécnicos","un",0,"-",{"$f":"'PFP1.2_Geo'!G16","v":12189.679999999998},"-","-",{"$f":"ROUND(F22*H22,2)","v":0}]
["TOTAL DOS CUSTOS DIRETOS",{"$nulls":6},{"$f":"SUM(J8:J22)","v":87676.549999999988}]
["TOTAL DOS ENCARGOS E DISPESAS DIVERSAS",{"$nulls":6},{"$f":"H25-H23","v":78644.380000000034}]
["TOTAL DA PROPOSTA A PREÇO GLOBAL",{"$nulls":6},{"$f":"SUM(K8:K20)","v":166320.93000000002}]
["TOTAL DA PROPOSTA DEMAIS SERVIÇOS",{"$nulls":6},{"$f":"SUM(K21:K22)","v":0}]
["TOTAL DA PROPOSTA",{"$nulls":6},{"$f":"H25+H26","v":166320.93000000002}]
["OBSERVAÇÃO:"]
["Alocar os Insumos MO, com respectivo FatorK, dentro da categoria de vínculo contratual (celetista, autonomo, societario)"]
["Uni - unidade de medição do insumo;"]
["Qde - Quantidade do Insumo (não pode ocorrer alteração pela Licitante)"]
["CUD - Custo Unitário Direto do Insumo (sem encargos, taxas e impostos, valor não pode ser maior que o Orçado pela Codevasf)"]
["CT - Custo Total (sem encargos, taxas e impostos) - CT = Qde x CUD"]
["FatorK - Taxa de Ressarcimento de Despesas e Encargos (detalhar composição nas Planilhas \"PFP2.1\", \"PFP2.2\", \"PFP3\")"]
["PU - Preço Unitário do Insumo (incluído encargos, taxas e impostos) - PU = CUD x FatorK"]
["PT - Preço Total do Insumo (incluído encargos, taxas e impostos) - PT = Qde x PU"]
["P - Profissionais nível superior nas áreas de Engenharia, Química, Arquitetura, Agronomia e Veterinária, conforme disposições da Lei 4.950-A/66"]
["S - Profissionais de nível superior nas demais áreas de atuação, incluindo Arqueólogo, Biólogo, Geógrafo e Sociólogo"]
["T - Profissionais de nível médio técnico nas diversas áreas de atuação"]
["A - Profissionais de nível médio de apoio técnico-administrativo"]

{"sheet":"PFP1.1_Topo","index":8,"n_rows":14,"n_cols":7,"rows_kept":14,"cut":false,"hidden":false,"merged":[[4,0,4,3],[2,0,2,6],[3,0,3,6],[8,0,8,5],[0,0,1,5],[5,0,5,3],[4,4,4,5],[5,4,5,5],[12,0,12,6],[13,0,13,6],[9,0,9,6],[10,0,10,6],[11,0,11,6]]}
["SERVIÇOS TOPOGRÁFICOS/CARTOGRÁFICOS",{"$nulls":5},"CODIGO:"]
[{"$nulls":6},"PFP-1.1"]
["NOME DA EMPRESA:"]
[]
["PROJETO:",null,null,null,"CONTRATANTE:",null,{"$f":"PFP!J5","v":"BASE: Out/2023"}]
[{"$f":"PFP!A6","v":"Unidade de Beneficiamento de Pescado/CE"},null,null,null,"CODEVASF (SEDE)",null,"CODE: Out/2023"]
["Cod.","Base","Insumos","Uni","Qde","Preço Unitário (PU)","Preço Total (PT)"]
["TP01","CODE","Levantamento Topográfico Planialtimétrico Cadastral de classe I PAC ou de ordem superior","ha ",4,3315,{"$f":"ROUND(F8*E8,2)","v":13260}]
["TOTAL SERVIÇOS TOPOGRÁFICOS",{"$nulls":5},{"$f":"SUM(G8:G8)","v":13260}]
["OBSERVAÇÃO:"]
["Uni - unidade de medição do insumo;"]
["Qde - Quantidade do Insumo (não pode ocorrer alteração pela Licitante)"]
["PU - Preço Unitário (composições padrão da Codevasf, já incluso o FatorK)"]
["PT - Preço Total (incluído encargos, taxas e impostos) - PT = Qde x PU"]

{"sheet":"PFP1.2_Geo","index":9,"n_rows":21,"n_cols":7,"rows_kept":21,"cut":false,"hidden":false,"merged":[[4,0,4,3],[4,4,4,5],[2,0,2,6],[3,0,3,6],[0,0,1,5],[15,0,15,5],[19,0,19,6],[5,0,5,3],[5,4,5,5],[20,0,20,6],[16,0,16,6],[17,0,17,6],[18,0,18,6]]}
["SERVIÇOS GEOLÓGICOS/GEOTÉCNICOS",{"$nulls":5},"CODIGO:"]
[{"$nulls":6},"PFP-1.2"]
["NOME DA EMPRESA:"]
[]
["PROJETO:",null,null,null,"CONTRATANTE:",null,{"$f":"PFP!J5","v":"BASE: Out/2023"}]
[{"$f":"PFP!A6","v":"Unidade de Beneficiamento de Pescado/CE"},null,null,null,"CODEVASF (SEDE)",null,{"$f":"'PFP1.1_Topo'!G6","v":"CODE: Out/2023"}]
["Cod.","Base","Insumos","Uni","Qde","Preço Unitário (PU)","Preço Total (PT)"]
["GT 1","CODE","Sondagem mista"]
["GT1.1","CODE","Sondagem Mista: (Des)Mobilização por equipe","un",1,3778.97,{"$f":"ROUND(F9*E9,2)","v":3778.97}]
["GT1.2","CODE","Sondagem Mista: em solo (SPT)","m",10,143.88,1438.8]
["GT1.2.1","CODE","Sondagem Mista: Desloc/Instalação 0-200 m","un",1,1006.11,{"$f":"ROUND(E11*F11,2)","v":1006.11}]
["GT 2","CODE","Sondagem a Percussão SPT"]
["GT2.1","CODE","Sondagem Percussão: (Des)Mobilização por equipe","un",2,995.4,1990.8]
["GT2.2","CODE","Sondagem Percursão: com SPT ","m",30,87.3,2619]
["GT2.2.2.1","CODE","Sondagem Percursão: Desloc/Instalação 0-200 m","un",3,452,{"$f":"ROUND(E15*F15,2)","v":1356}]
["TOTAL SERVIÇOS GEOTÉCNICOS",{"$nulls":5},{"$f":"SUM(G8:G15)","v":12189.679999999998}]
["LEGENDA:"]
["Uni - unidade de medição do insumo;"]
["Qde - Quantidade do Insumo (não pode ocorrer alteração pela Licitante)"]
["PU - Preço Unitário (composições padrão da Codevasf, já incluso o FatorK)"]
["PT - Preço Total (incluído encargos, taxas e impostos) - PT = Qde x PU"]

{"sheet":"PFP2.1_FatorKa","index":10,"n_rows":41,"n_cols":6,"rows_kept":41,"cut":false,"hidden":false,"merged":[[20,1,20,3],[21,1,21,3],[23,1,23,3],[9,1,9,3],[10,1,10,3],[11,1,11,3],[12,1,12,3],[16,1,16,3],[34,1,34,3],[0,0,1,4],[2,0,2,5],[5,0,5,1],[5,2,5,4],[4,2,4,4],[3,0,3,5],[24,1,24,3],[7,1,7,3],[17,1,17,3],[8,1,8,3],[13,1,13,3],[14,1,14,3],[15,1,15,3],[18,1,18,3],[19,1,19,3],[35,1,35,3],[6,1,6,3],[40,0,40,5],[39,0,39,5],[38,0,38,5],[37,0,37,5],[22,1,22,3],[29,1,29,3],[30,1,30,3],[28,1,28,3],[25,1,25,3],[26,1,26,3],[27,1,27,3],[33,1,33,3],[31,1,31,3],[32,1,32,3]]}
["DETALHAMENTO DOS ENCARGOS SOCIAIS: Ka",{"$nulls":4},"CODIGO:"]
[{"$nulls":5},"PFP-2.1"]
["NOME DA CONSULTORA:"]
[]
["PROJETO:",null,"CONTRATANTE:",null,null,{"$f":"PFP!J5","v":"BASE: Out/2023"}]
[{"$f":"PFP!A6","v":"Unidade de Beneficiamento de Pescado/CE"},null,"CODEVASF (SEDE)",null,null,"SINAPI/CE: Out/2023"]
["Cod","DESCRIÇÃO",null,null,"%","R$"]
["A","ENCARGOS SOCIAIS BÁSICOS",null,null,{"$f":"ROUND(SUM(E9:E17),4)","v":0.378},{"$f":"ROUND(E8*SUMIF(PFP!$B$8:$B$22,\"MO1\",PFP!$J$8:$J$22),2)","v":59401.85}]
["A1","INSS",null,null,0.2,{"$f":"ROUND(E9*SUMIF(PFP!$B$8:$B$22,\"MO1\",PFP!$J$8:$J$22),2)","v":31429.55}]
["A2","SESI",null,null,1.4999999999999999E-2,{"$f":"ROUND(E10*SUMIF(PFP!$B$8:$B$22,\"MO1\",PFP!$J$8:$J$22),2)","v":2357.2199999999998}]
["A3","SENAI",null,null,0.01,{"$f":"ROUND(E11*SUMIF(PFP!$B$8:$B$22,\"MO1\",PFP!$J$8:$J$22),2)","v":1571.48}]
["A4","INCRA",null,null,2E-3,{"$f":"ROUND(E12*SUMIF(PFP!$B$8:$B$22,\"MO1\",PFP!$J$8:$J$22),2)","v":314.3}]
["A5","SEBRAE",null,null,6.0000000000000001E-3,{"$f":"ROUND(E13*SUMIF(PFP!$B$8:$B$22,\"MO1\",PFP!$J$8:$J$22),2)","v":942.89}]
["A6","Salário Educação",null,null,2.5000000000000001E-2,{"$f":"ROUND(E14*SUMIF(PFP!$B$8:$B$22,\"MO1\",PFP!$J$8:$J$22),2)","v":3928.69}]
["A7","Seguro Contra Acidentes de Trabalho",null,null,0.03,{"$f":"ROUND(E15*SUMIF(PFP!$B$8:$B$22,\"MO1\",PFP!$J$8:$J$22),2)","v":4714.43}]
["A8","FGTS",null,null,0.08,{"$f":"ROUND(E16*SUMIF(PFP!$B$8:$B$22,\"MO1\",PFP!$J$8:$J$22),2)","v":12571.82}]
["A9","Seconci",null,null,0.01,{"$f":"ROUND(E17*SUMIF(PFP!$B$8:$B$22,\"MO1\",PFP!$J$8:$J$22),2)","v":1571.48}]
["B"," ENCARGOS SOCIAIS QUE RECEBEM INCIDÊNCIA DE \"A\"",null,null,{"$f":"ROUND(SUM(E19:E25),4)","v":0.17269999999999999},{"$f":"ROUND(E18*SUMIF(PFP!$B$8:$B$22,\"MO1\",PFP!$J$8:$J$22),2)","v":27139.42}]
["B3","Auxílio Enfermidade",null,null,6.7000000000000002E-3,{"$f":"ROUND(E19*SUMIF(PFP!$B$8:$B$22,\"MO1\",PFP!$J$8:$J$22),2)","v":1052.8900000000001}]
["B4","13º Salário",null,null,8.3299999999999999E-2,{"$f":"ROUND(E20*SUMIF(PFP!$B$8:$B$22,\"MO1\",PFP!$J$8:$J$22),2)","v":13090.41}]
["B5","Licença Paternidade",null,null,5.9999999999999995E-4,{"$f":"ROUND(E21*SUMIF(PFP!$B$8:$B$22,\"MO1\",PFP!$J$8:$J$22),2)","v":94.29}]
["B6","Faltas Justificadas",null,null,5.5999999999999999E-3,{"$f":"ROUND(E22*SUMIF(PFP!$B$8:$B$22,\"MO1\",PFP!$J$8:$J$22),2)","v":880.03}]
["B8","Auxílio Acidente de Trabalho",null,null,8.0000000000000004E-4,{"$f":"ROUND(E23*SUMIF(PFP!$B$8:$B$22,\"MO1\",PFP!$J$8:$J$22),2)","v":125.72}]
["B9","Férias Gozadas",null,null,7.5399999999999995E-2,{"$f":"ROUND(E24*SUMIF(PFP!$B$8:$B$22,\"MO1\",PFP!$J$8:$J$22),2)","v":11848.94}]
["B10","Salário Maternidade",null,null,2.9999999999999997E-4,{"$f":"ROUND(E25*SUMIF(PFP!$B$8:$B$22,\"MO1\",PFP!$J$8:$J$22),2)","v":47.14}]
["C"," ENCARGOS SOCIAIS QUE NÃO RECEBEM INCIDÊNCIA DE \"A\"",null,null,{"$f":"ROUND(SUM(E27:E31),4)","v":0.1067},{"$f":"ROUND(E26*SUMIF(PFP!$B$8:$B$22,\"MO1\",PFP!$J$8:$J$22),2)","v":16767.66}]
["C1","Aviso Prévio Indenizado",null,null,4.3999999999999997E-2,{"$f":"ROUND(E27*SUMIF(PFP!$B$8:$B$22,\"MO1\",PFP!$J$8:$J$22),2)","v":6914.5}]
["C2","Aviso Prévio Trabalhado",null,null,1E-3,{"$f":"ROUND(E28*SUMIF(PFP!$B$8:$B$22,\"MO1\",PFP!$J$8:$J$22),2)","v":157.15}]
["C3","Férias Indenizadas",null,null,2.9700000000000001E-2,{"$f":"ROUND(E29*SUMIF(PFP!$B$8:$B$22,\"MO1\",PFP!$J$8:$J$22),2)","v":4667.29}]
["C4","Depósito Rescisão Sem Justa Causa",null,null,2.8299999999999999E-2,{"$f":"ROUND(E30*SUMIF(PFP!$B$8:$B$22,\"MO1\",PFP!$J$8:$J$22),2)","v":4447.28}]
["C5","Indenização Adicional",null,null,3.7000000000000002E-3,{"$f":"ROUND(E31*SUMIF(PFP!$B$8:$B$22,\"MO1\",PFP!$J$8:$J$22),2)","v":581.45000000000005}]
["D"," REINCIDÊNCIAS",null,null,{"$f":"ROUND(SUM(E33:E34),4)","v":6.9199999999999998E-2},{"$f":"ROUND(E32*SUMIF(PFP!$B$8:$B$22,\"MO1\",PFP!$J$8:$J$22),2)","v":10874.62}]
["D1","Reincidência de \"A\" sobre \"B\"",null,null,{"$f":"ROUND(E8*E18,4)","v":6.5299999999999997E-2},{"$f":"ROUND(E33*SUMIF(PFP!$B$8:$B$22,\"MO1\",PFP!$J$8:$J$22),2)","v":10261.75}]
["D2","Reincidência de \"A\" sobre Aviso Prévio Trabalhado e reincidência do FGTS sobre Aviso Prévio Indenizado",null,null,{"$f":"ROUND((E28*E8)+(E27*E16),4)","v":3.8999999999999998E-3},{"$f":"ROUND(E34*SUMIF(PFP!$B$8:$B$22,\"MO1\",PFP!$J$8:$J$22),2)","v":612.88}]
["K1a","ENCARGOS SOCIAIS",null,null,{"$f":"ROUND(E8+E18+E26+E32,4)","v":0.72660000000000002},{"$f":"ROUND(E35*SUMIF(PFP!$B$8:$B$22,\"MO1\",PFP!$J$8:$J$22),2)","v":114183.56}]
["Ka","TAXA DE RESSARCIMENTO DE DESPESAS E ENCARGOS SOBRE MO1",null,null,{"$f":"ROUND((1+E35+PFP3_FatorKd!E13)*(1+PFP3_FatorKd!E12)*(1+PFP3_FatorKd!E8),4)","v":2.3565999999999998}]
["OBSERVAÇÃO: CELETISTAS E EQUIVALENTES"]
["1 - DISCRIMINAR OS ENCARGOS SOCIAIS COM SEUS RESPECTIVOS PERCENTUAS TOTALIZANDO OS MESMOS. "]
["2 - APLICAR O  % TOTAL P/ CALCULAR OS E. SOCIAIS INCIDENTES NA MÃO-DE-OBRA CELETISTAS"]
["Ka - Taxa de Ressarcimento de Despesas e Encargos sobre a Mão de Obra CELETISTA (incide apenas no Insumo Codigo MO1)"]
["Ka = (1 + K1 + K2) x (1 + K3) x (1 + K4)"]

{"sheet":"PFP2.2_FatorKb","index":11,"n_rows":41,"n_cols":6,"rows_kept":41,"cut":false,"hidden":false,"merged":[[19,1,19,3],[0,0,1,4],[2,0,2,5],[3,0,3,5],[4,2,4,4],[5,0,5,1],[5,2,5,4],[7,1,7,3],[17,1,17,3],[18,1,18,3],[8,1,8,3],[9,1,9,3],[10,1,10,3],[16,1,16,3],[6,1,6,3],[12,1,12,3],[40,0,40,5],[37,0,37,5],[38,0,38,5],[39,0,39,5],[32,1,32,3],[33,1,33,3],[34,1,34,3],[35,1,35,3],[13,1,13,3],[14,1,14,3],[15,1,15,3],[11,1,11,3],[31,1,31,3],[20,1,20,3],[21,1,21,3],[22,1,22,3],[23,1,23,3],[24,1,24,3],[25,1,25,3],[26,1,26,3],[27,1,27,3],[28,1,28,3],[29,1,29,3],[30,1,30,3]]}
["DETALHAMENTO DOS ENCARGOS SOCIAIS: Kb",{"$nulls":4},"CODIGO:"]
[{"$nulls":5},"PFP-2.2"]
["NOME DA CONSULTORA:"]
[]
["PROJETO:",null,"CONTRATANTE:",null,null,{"$f":"'PFP2.1_FatorKa'!F5","v":"BASE: Out/2023"}]
[{"$f":"PFP!A6","v":"Unidade de Beneficiamento de Pescado/CE"},null,"CODEVASF (SEDE)",null,null,{"$f":"'PFP2.1_FatorKa'!F6","v":"SINAPI/CE: Out/2023"}]
["Cod","DESCRIÇÃO",null,null,"%","R$"]
["A","ENCARGOS SOCIAIS BÁSICOS",null,null,{"$f":"ROUND(SUM(E9:E17),4)","v":0.2},{"$f":"ROUND(E8*SUMIF(PFP!$B$8:$B$22,\"MO2\",PFP!$J$8:$J$22),2)","v":0}]
["A1","INSS",null,null,0.2,{"$f":"ROUND(E9*SUMIF(PFP!$B$8:$B$22,\"MO2\",PFP!$J$8:$J$22),2)","v":0}]
["A2","SESI",null,null,0,{"$f":"ROUND(E10*SUMIF(PFP!$B$8:$B$22,\"MO2\",PFP!$J$8:$J$22),2)","v":0}]
["A3","SENAI",null,null,0,{"$f":"ROUND(E11*SUMIF(PFP!$B$8:$B$22,\"MO2\",PFP!$J$8:$J$22),2)","v":0}]
["A4","INCRA",null,null,0,{"$f":"ROUND(E12*SUMIF(PFP!$B$8:$B$22,\"MO2\",PFP!$J$8:$J$22),2)","v":0}]
["A5","SEBRAE",null,null,0,{"$f":"ROUND(E13*SUMIF(PFP!$B$8:$B$22,\"MO2\",PFP!$J$8:$J$22),2)","v":0}]
["A6","Salário Educação",null,null,0,{"$f":"ROUND(E14*SUMIF(PFP!$B$8:$B$22,\"MO2\",PFP!$J$8:$J$22),2)","v":0}]
["A7","Seguro Contra Acidentes de Trabalho",null,null,0,{"$f":"ROUND(E15*SUMIF(PFP!$B$8:$B$22,\"MO2\",PFP!$J$8:$J$22),2)","v":0}]
["A8","FGTS",null,null,0,{"$f":"ROUND(E16*SUMIF(PFP!$B$8:$B$22,\"MO2\",PFP!$J$8:$J$22),2)","v":0}]
["A9","SECONCI",null,null,0,{"$f":"ROUND(E17*SUMIF(PFP!$B$8:$B$22,\"MO2\",PFP!$J$8:$J$22),2)","v":0}]
["B"," ENCARGOS SOCIAIS QUE RECEBEM INCIDÊNCIA DE \"A\"",null,null,{"$f":"ROUND(SUM(E19:E25),4)","v":0},{"$f":"ROUND(E18*SUMIF(PFP!$B$8:$B$22,\"MO2\",PFP!$J$8:$J$22),2)","v":0}]
["B3","Auxílio Enfermidade",null,null,0,{"$f":"ROUND(E19*SUMIF(PFP!$B$8:$B$22,\"MO2\",PFP!$J$8:$J$22),2)","v":0}]
["B4","13º Salário",null,null,0,{"$f":"ROUND(E20*SUMIF(PFP!$B$8:$B$22,\"MO2\",PFP!$J$8:$J$22),2)","v":0}]
["B5","Licença Paternidade",null,null,0,{"$f":"ROUND(E21*SUMIF(PFP!$B$8:$B$22,\"MO2\",PFP!$J$8:$J$22),2)","v":0}]
["B6","Faltas Justificadas",null,null,0,{"$f":"ROUND(E22*SUMIF(PFP!$B$8:$B$22,\"MO2\",PFP!$J$8:$J$22),2)","v":0}]
["B8","Auxílio Acidente de Trabalho",null,null,0,{"$f":"ROUND(E23*SUMIF(PFP!$B$8:$B$22,\"MO2\",PFP!$J$8:$J$22),2)","v":0}]
["B9","Férias Gozadas",null,null,0,{"$f":"ROUND(E24*SUMIF(PFP!$B$8:$B$22,\"MO2\",PFP!$J$8:$J$22),2)","v":0}]
["B10","Salário Maternidade",null,null,0,{"$f":"ROUND(E25*SUMIF(PFP!$B$8:$B$22,\"MO2\",PFP!$J$8:$J$22),2)","v":0}]
["C"," ENCARGOS SOCIAIS QUE NÃO RECEBEM INCIDÊNCIA DE \"A\"",null,null,{"$f":"ROUND(SUM(E27:E31),4)","v":0},{"$f":"ROUND(E26*SUMIF(PFP!$B$8:$B$22,\"MO2\",PFP!$J$8:$J$22),2)","v":0}]
["C1","Aviso Prévio Indenizado",null,null,0,{"$f":"ROUND(E27*SUMIF(PFP!$B$8:$B$22,\"MO2\",PFP!$J$8:$J$22),2)","v":0}]
["C2","Aviso Prévio Trabalhado",null,null,0,{"$f":"ROUND(E28*SUMIF(PFP!$B$8:$B$22,\"MO2\",PFP!$J$8:$J$22),2)","v":0}]
["C3","Férias Indenizadas",null,null,0,{"$f":"ROUND(E29*SUMIF(PFP!$B$8:$B$22,\"MO2\",PFP!$J$8:$J$22),2)","v":0}]
["C4","Depósito Rescisão Sem Justa Causa",null,null,0,{"$f":"ROUND(E30*SUMIF(PFP!$B$8:$B$22,\"MO2\",PFP!$J$8:$J$22),2)","v":0}]
["C5","Indenização Adicional",null,null,0,{"$f":"ROUND(E31*SUMIF(PFP!$B$8:$B$22,\"MO2\",PFP!$J$8:$J$22),2)","v":0}]
["D"," REINCIDÊNCIAS",null,null,{"$f":"ROUND(SUM(E33:E34),4)","v":0},{"$f":"ROUND(E32*SUMIF(PFP!$B$8:$B$22,\"MO2\",PFP!$J$8:$J$22),2)","v":0}]
["D1","Reincidência de \"A\" sobre \"B\"",null,null,{"$f":"ROUND(E8*E18,4)","v":0},{"$f":"ROUND(E33*SUMIF(PFP!$B$8:$B$22,\"MO2\",PFP!$J$8:$J$22),2)","v":0}]
["D2","Reincidência de \"A\" sobre Aviso Prévio Trabalhado e reincidência do FGTS sobre Aviso Prévio Indenizado",null,null,{"$f":"ROUND(E8*E28,4)+ROUND(E27*E11,4)","v":0},{"$f":"ROUND(E34*SUMIF(PFP!$B$8:$B$22,\"MO2\",PFP!$J$8:$J$22),2)","v":0}]
["K1b","ENCARGOS SOCIAIS",null,null,{"$f":"ROUND(E8+E18+E26+E32,4)","v":0.2},{"$f":"ROUND(E35*SUMIF(PFP!$B$8:$B$22,\"MO2\",PFP!$J$8:$J$22),2)","v":0}]
["Kb","TAXA DE RESSARCIMENTO DE DESPESAS E ENCARGOS SOBRE MO2",null,null,{"$f":"ROUND((1+E35+PFP3_FatorKd!E13)*(1+PFP3_FatorKd!E12)*(1+PFP3_FatorKd!E8),4)","v":1.6953}]
["OBSERVAÇÃO: AUTÔNOMOS E EQUIVALENTES"]
["1 - DISCRIMINAR OS ENCARGOS SOCIAIS COM SEUS RESPECTIVOS PERCENTUAS TOTALIZANDO OS MESMOS. "]
["2 - APLICAR O % TOTAL P/ CALCULAR OS E. SOCIAIS INCIDENTES NA MÃO-DE-OBRA AUTONÔMOS"]
["Kb - Taxa de Ressarcimento de Despesas e Encargos sobre a Mão de Obra AUTONÔMA (incide apenas no Insumo Codigo MO2)"]
["Kb = (1 + K1 + K2) x (1 + K3) x (1 + K4)"]

{"sheet":"PFP2.3_FatorKc","index":12,"n_rows":41,"n_cols":6,"rows_kept":41,"cut":false,"hidden":false,"merged":[[37,0,37,5],[38,0,38,5],[39,0,39,5],[40,0,40,5],[30,1,30,3],[31,1,31,3],[32,1,32,3],[33,1,33,3],[34,1,34,3],[35,1,35,3],[29,1,29,3],[18,1,18,3],[19,1,19,3],[20,1,20,3],[21,1,21,3],[22,1,22,3],[23,1,23,3],[24,1,24,3],[25,1,25,3],[26,1,26,3],[27,1,27,3],[28,1,28,3],[17,1,17,3],[6,1,6,3],[7,1,7,3],[8,1,8,3],[9,1,9,3],[10,1,10,3],[11,1,11,3],[12,1,12,3],[13,1,13,3],[14,1,14,3],[15,1,15,3],[16,1,16,3],[0,0,1,4],[2,0,2,5],[3,0,3,5],[4,2,4,4],[5,0,5,1],[5,2,5,4]]}
["DETALHAMENTO DOS ENCARGOS SOCIAIS: Kc",{"$nulls":4},"CODIGO:"]
[{"$nulls":5},"PFP-2.3"]
["NOME DA CONSULTORA:"]
[]
["PROJETO:",null,"CONTRATANTE:",null,null,{"$f":"'PFP2.2_FatorKb'!F5","v":"BASE: Out/2023"}]
[{"$f":"PFP!A6","v":"Unidade de Beneficiamento de Pescado/CE"},null,"CODEVASF (SEDE)",null,null,{"$f":"'PFP2.2_FatorKb'!F6","v":"SINAPI/CE: Out/2023"}]
["Cod","DESCRIÇÃO",null,null,"%","R$"]
["A","ENCARGOS SOCIAIS BÁSICOS",null,null,{"$f":"SUM(E9:E17)","v":0},{"$f":"ROUND(E8*SUMIF(PFP!$B$8:$B$22,\"MO3\",PFP!$J$8:$J$22),2)","v":0}]
["A1","INSS",null,null,0,{"$f":"ROUND(E9*SUMIF(PFP!$B$8:$B$22,\"MO3\",PFP!$J$8:$J$22),2)","v":0}]
["A2","SESI",null,null,0,{"$f":"ROUND(E10*SUMIF(PFP!$B$8:$B$22,\"MO3\",PFP!$J$8:$J$22),2)","v":0}]
["A3","SENAI",null,null,0,{"$f":"ROUND(E11*SUMIF(PFP!$B$8:$B$22,\"MO3\",PFP!$J$8:$J$22),2)","v":0}]
["A4","INCRA",null,null,0,{"$f":"ROUND(E12*SUMIF(PFP!$B$8:$B$22,\"MO3\",PFP!$J$8:$J$22),2)","v":0}]
["A5","SEBRAE",null,null,0,{"$f":"ROUND(E13*SUMIF(PFP!$B$8:$B$22,\"MO3\",PFP!$J$8:$J$22),2)","v":0}]
["A6","Salário Educação",null,null,0,{"$f":"ROUND(E14*SUMIF(PFP!$B$8:$B$22,\"MO3\",PFP!$J$8:$J$22),2)","v":0}]
["A7","Seguro Contra Acidentes de Trabalho",null,null,0,{"$f":"ROUND(E15*SUMIF(PFP!$B$8:$B$22,\"MO3\",PFP!$J$8:$J$22),2)","v":0}]
["A8","FGTS",null,null,0,{"$f":"ROUND(E16*SUMIF(PFP!$B$8:$B$22,\"MO3\",PFP!$J$8:$J$22),2)","v":0}]
["A9","SECONCI",null,null,0,{"$f":"ROUND(E17*SUMIF(PFP!$B$8:$B$22,\"MO3\",PFP!$J$8:$J$22),2)","v":0}]
["B"," ENCARGOS SOCIAIS QUE RECEBEM INCIDÊNCIA DE \"A\"",null,null,{"$f":"ROUND(SUM(E19:E25),4)","v":0},{"$f":"ROUND(E18*SUMIF(PFP!$B$8:$B$22,\"MO3\",PFP!$J$8:$J$22),2)","v":0}]
["B3","Auxílio Enfermidade",null,null,0,{"$f":"ROUND(E19*SUMIF(PFP!$B$8:$B$22,\"MO3\",PFP!$J$8:$J$22),2)","v":0}]
["B4","13º Salário",null,null,0,{"$f":"ROUND(E20*SUMIF(PFP!$B$8:$B$22,\"MO3\",PFP!$J$8:$J$22),2)","v":0}]
["B5","Licença Paternidade",null,null,0,{"$f":"ROUND(E21*SUMIF(PFP!$B$8:$B$22,\"MO3\",PFP!$J$8:$J$22),2)","v":0}]
["B6","Faltas Justificadas",null,null,0,{"$f":"ROUND(E22*SUMIF(PFP!$B$8:$B$22,\"MO3\",PFP!$J$8:$J$22),2)","v":0}]
["B8","Auxílio Acidente de Trabalho",null,null,0,{"$f":"ROUND(E23*SUMIF(PFP!$B$8:$B$22,\"MO3\",PFP!$J$8:$J$22),2)","v":0}]
["B9","Férias Gozadas",null,null,0,{"$f":"ROUND(E24*SUMIF(PFP!$B$8:$B$22,\"MO3\",PFP!$J$8:$J$22),2)","v":0}]
["B10","Salário Maternidade",null,null,0,{"$f":"ROUND(E25*SUMIF(PFP!$B$8:$B$22,\"MO3\",PFP!$J$8:$J$22),2)","v":0}]
["C"," ENCARGOS SOCIAIS QUE NÃO RECEBEM INCIDÊNCIA DE \"A\"",null,null,{"$f":"ROUND(SUM(E27:E31),4)","v":0},{"$f":"ROUND(E26*SUMIF(PFP!$B$8:$B$22,\"MO3\",PFP!$J$8:$J$22),2)","v":0}]
["C1","Aviso Prévio Indenizado",null,null,0,{"$f":"ROUND(E27*SUMIF(PFP!$B$8:$B$22,\"MO3\",PFP!$J$8:$J$22),2)","v":0}]
["C2","Aviso Prévio Trabalhado",null,null,0,{"$f":"ROUND(E28*SUMIF(PFP!$B$8:$B$22,\"MO3\",PFP!$J$8:$J$22),2)","v":0}]
["C3","Férias Indenizadas",null,null,0,{"$f":"ROUND(E29*SUMIF(PFP!$B$8:$B$22,\"MO3\",PFP!$J$8:$J$22),2)","v":0}]
["C4","Depósito Rescisão Sem Justa Causa",null,null,0,{"$f":"ROUND(E30*SUMIF(PFP!$B$8:$B$22,\"MO3\",PFP!$J$8:$J$22),2)","v":0}]
["C5","Indenização Adicional",null,null,0,{"$f":"ROUND(E31*SUMIF(PFP!$B$8:$B$22,\"MO3\",PFP!$J$8:$J$22),2)","v":0}]
["D"," REINCIDÊNCIAS",null,null,{"$f":"ROUND(SUM(E33:E34),4)","v":0},{"$f":"ROUND(E32*SUMIF(PFP!$B$8:$B$22,\"MO3\",PFP!$J$8:$J$22),2)","v":0}]
["D1","Reincidência de \"A\" sobre \"B\"",null,null,{"$f":"ROUND(E8*E18,4)","v":0},{"$f":"ROUND(E33*SUMIF(PFP!$B$8:$B$22,\"MO3\",PFP!$J$8:$J$22),2)","v":0}]
["D2","Reincidência de \"A\" sobre Aviso Prévio Trabalhado e reincidência do FGTS sobre Aviso Prévio Indenizado",null,null,{"$f":"ROUND(E8*E28,4)+ROUND(E27*E11,4)","v":0},{"$f":"ROUND(E34*SUMIF(PFP!$B$8:$B$22,\"MO3\",PFP!$J$8:$J$22),2)","v":0}]
["K1c","ENCARGOS SOCIAIS",null,null,{"$f":"ROUND(E8+E18+E26+E32,4)","v":0},{"$f":"ROUND(E35*SUMIF(PFP!$B$8:$B$22,\"MO3\",PFP!$J$8:$J$22),2)","v":0}]
["Kc","TAXA DE RESSARCIMENTO DE DESPESAS E ENCARGOS SOBRE MO3",null,null,{"$f":"ROUND((1+E35+PFP3_FatorKd!E13)*(1+PFP3_FatorKd!E12)*(1+PFP3_FatorKd!E8),4)","v":1.4440999999999999}]
["OBSERVAÇÃO: SOCIETÁRIOS E EQUIVALENTES"]
["1 - DISCRIMINAR OS ENCARGOS SOCIAIS COM SEUS RESPECTIVOS PERCENTUAS TOTALIZANDO OS MESMOS. "]
["2 - APLICAR O % TOTAL P/ CALCULAR OS E. SOCIAIS INCIDENTES NA MÃO-DE-OBRA DE SOCIETÁRIOS"]
["Kc - Taxa de Ressarcimento de Despesas e Encargos sobre a Mão de Obra SOCIETÁRIA (incide apenas no Insumo Codigo MO3)"]
["Kc = (1 + K1 + K2) x (1 + K3) x (1 + K4)"]

{"sheet":"PFP3_FatorKd","index":13,"n_rows":35,"n_cols":6,"rows_kept":35,"cut":false,"hidden":false,"merged":[[33,0,33,5],[34,0,34,5],[16,1,16,3],[13,1,13,3],[14,1,14,3],[15,1,15,3],[21,0,21,5],[26,0,26,5],[27,0,27,5],[22,0,22,5],[23,0,23,5],[24,0,24,5],[28,0,28,5],[29,0,29,5],[30,0,30,5],[31,0,31,5],[7,1,7,2],[25,0,25,5],[6,1,6,2],[0,0,1,4],[2,0,2,5],[5,0,5,1],[5,2,5,4],[4,2,4,4],[3,0,3,5],[32,0,32,5],[12,1,12,3],[11,1,11,3],[8,1,8,2],[9,1,9,2],[10,1,10,2]]}
["DESPESAS FISCAIS E CUSTOS DIVERSOS: Kd",{"$nulls":4},"CODIGO:"]
[{"$nulls":5},"PFP-3"]
["NOME DA CONSULTORA:"]
[]
["PROJETO:",null,"CONTRATANTE:",null,null,{"$f":"'PFP2.3_FatorKc'!F5","v":"BASE: Out/2023"}]
[{"$f":"PFP!A6","v":"Unidade de Beneficiamento de Pescado/CE"},null,"CODEVASF (SEDE)",null,null,{"$f":"'PFP2.3_FatorKc'!F6","v":"SINAPI/CE: Out/2023"}]
["Cod","DESCRIÇÃO1",null,"% preço2","% custo4","R$"]
["K4","TRIBUTOS",null,{"$f":"ROUND(D9+D10+D11,4)","v":0.124},{"$f":"ROUND(E9+E10+E11,4)","v":0.1416},{"$f":"E8*SUM(SUMIF(PFP!$B$8:$B$22,\"MO1\",PFP!$J$8:$J$22)*(1+'PFP2.1_FatorKa'!$E$35)+SUMIF(PFP!$B$8:$B$22,\"MO2\",PFP!$J$8:$J$22)*(1+'PFP2.2_FatorKb'!$E$35)+SUMIF(PFP!$B$8:$B$22,\"<>MO*\",PFP!$J$8:$J$22)+$F$13+$F$12)","v":58350.846269363996}]
["K4.1","ISS",null,0.05,{"$f":"ROUND((1/(1-$D$8))*D9,4)","v":5.7099999999999998E-2},{"$f":"E9*SUM(SUMIF(PFP!$B$8:$B$22,\"MO1\",PFP!$J$8:$J$22)*(1+'PFP2.1_FatorKa'!$E$35)+SUMIF(PFP!$B$8:$B$22,\"MO2\",PFP!$J$8:$J$22)*(1+'PFP2.2_FatorKb'!$E$35)+SUMIF(PFP!$B$8:$B$22,\"<>MO*\",PFP!$J$8:$J$22)+$F$13+$F$12)","v":23529.896341671498}]
["K4.2","PIS3 - aliquota efetiva aplicavel percentual-desconto",null,{"$f":"ROUND(1.65%*0.8,4)","v":1.32E-2},{"$f":"ROUND((1/(1-$D$8))*D10,4)","v":1.5100000000000001E-2},{"$f":"E10*SUM(SUMIF(PFP!$B$8:$B$22,\"MO1\",PFP!$J$8:$J$22)*(1+'PFP2.1_FatorKa'!$E$35)+SUMIF(PFP!$B$8:$B$22,\"MO2\",PFP!$J$8:$J$22)*(1+'PFP2.2_FatorKb'!$E$35)+SUMIF(PFP!$B$8:$B$22,\"<>MO*\",PFP!$J$8:$J$22)+$F$13+$F$12)","v":6222.4419397414995}]
["K4.3","COFINS3 - aliquota efetiva aplicavel percentual-desconto",null,{"$f":"ROUND(7.6%*0.8,4)","v":6.08E-2},{"$f":"ROUND((1/(1-$D$8))*D11,4)","v":6.9400000000000003E-2},{"$f":"E11*SUM(SUMIF(PFP!$B$8:$B$22,\"MO1\",PFP!$J$8:$J$22)*(1+'PFP2.1_FatorKa'!$E$35)+SUMIF(PFP!$B$8:$B$22,\"MO2\",PFP!$J$8:$J$22)*(1+'PFP2.2_FatorKb'!$E$35)+SUMIF(PFP!$B$8:$B$22,\"<>MO*\",PFP!$J$8:$J$22)+$F$13+$F$12)","v":28598.507987951001}]
["K3","REMUNERAÇÃO DA EMPRESA (LUCRO)",null,null,0.1,{"$f":"E12*SUM(SUMIF(PFP!$B$8:$B$22,\"MO1\",PFP!$J$8:$J$22)*(1+'PFP2.1_FatorKa'!$E$35)+SUMIF(PFP!$B$8:$B$22,\"MO2\",PFP!$J$8:$J$22)*(1+'PFP2.2_FatorKb'!$E$35)+SUMIF(PFP!$B$8:$B$22,\"<>MO*\",PFP!$J$8:$J$22)+$F$13)","v":37462.022514999997}]
["K2","CUSTOS DA ADMINISTRAÇÃO CENTRAL",null,null,{"$f":"ROUND(SUM(E14:E16),4)","v":0.15},{"$f":"ROUND(E13*SUMIF(PFP!$B$8:$B$22,\"MO*\",PFP!$J$8:$J$22),2)","v":31230.32}]
["K2.1","Custos da administração central da empresa (diretoria, pessoal técnico de apoio e pessoal administrativo não diretamente vinculado à prestação dos serviços)",null,null,0.1,{"$f":"ROUND(E14*SUMIF(PFP!$B$8:$B$22,\"MO*\",PFP!$J$8:$J$22),2)","v":20820.21}]
["K2.2","Outras despesas que afetam o custo de produção como treinamento, biblioteca, programa de qualidade, programa de benefícios, auditoria interna e externa",null,null,0.03,{"$f":"ROUND(E15*SUMIF(PFP!$B$8:$B$22,\"MO*\",PFP!$J$8:$J$22),2)","v":6246.06}]
["K2.3","Despesas fixas e variaveis com patrimônio, aluguéis, comunicação, manutenção e transporte não diretamente relacionados com o custo direto dos serviços",null,null,0.02,{"$f":"ROUND(E16*SUMIF(PFP!$B$8:$B$22,\"MO*\",PFP!$J$8:$J$22),2)","v":4164.04}]
["Kd","TAXA RESSARCIMENTO DE DESPESAS SOBRE CUSTOS DIVERSOS",null,null,{"$f":"ROUND((1+E12)*(1+E8),4)","v":1.2558}]
["NOME DO INFORMANTE:",null,null,null,"QUALIFICAÇÃO:"]
[]
["ASSINATURA:",null,null,null,"DATA:"]
[]
["Observação:"]
["1 - RELACIONAR OS CUSTOS DE ADMINISTRAÇÃO COM RESPECTIVOS PERCENTUAIS INCIDENTES NA MÃO -DE-OBRA"]
["1 - DISCRIMINAR OS TRIBUTOS QUE INCIDEM SOBRE OS CUSTOS DA PRESTAÇÃO DOS SERVIÇOS"]
["2 - K4 = INDICAR % DE CADA TRIBUTO E A SOMA DOS MESMOS (ex: ISS 5% + PIS 1,65% + COFINS 7,60% = 14,25%)"]
["3 - PIS e COFINS, Regime de Incidencia Acumulativa (0,65% e 3,00% - sem percentual de desconto) ou em Regime de Incidencia Não Acumulativa (1,65% e 7,60% - aplicável percentual de desconto) de acordo com a forma de apuração do lucro no IRPJ. APRESENTAR COMPROVANTES de aproveitamento de créditos tributários dos últimos 12 meses em caso de aplicação de \"percentual de desconto\"."]
["4 - AS DESPESAS FISCAIS (K4) INCIDEM SOBRE O TOTAL DA FATURA E NÃO SOBRE OS CUSTOS INCORRIDOS, "]
["     DEVENDO SER CALCULADO O K4' APLICANDO-SE A SEGUINTE FÓRMULA:"]
["     K4' = { [ 1 / ( 1 - K4) ] - 1 } x 100"]
[{"$f":"CONCATENATE(\"     K4' = { [ 1 / ( 1 - \",D8,\" ) ] - 1 } x 100\")","v":"     K4' = { [ 1 / ( 1 - 0,124 ) ] - 1 } x 100"}]
["Kc - Taxa de Ressarcimento de Despesas sobre Custos Diversos (incide sobre os Insumos Codigo DP e EM)"]
["Kc = (1 + K3) x (1 + K4)"]
["K2 - Incide sobre o Custo Total (CT) da Mão de Obra (MO* = MO1 + MO2)"]
["K3 - Incide sobre o Custo Total (CT) Mão de Obra com encargos (MO1 x Ka ou MO2 x Kb), demais Custos (DP e EM), e Custos da Administração Central (K2)"]
["K4 -  Incide sobre o Custo Total (CT) Mão de Obra com encargos (MO1 x Ka ou MO2 x Kb), demais Custos (DP e EM), e Custos da Administração Central (K2) e Lucro (K3)"]

{"sheet":"CRO1_Ins-Pro","index":14,"n_rows":23,"n_cols":10,"rows_kept":23,"cut":false,"hidden":false,"merged":[[38,7,38,9],[0,0,1,8],[19,0,22,0],[2,0,3,0],[2,1,3,1],[2,2,3,2],[2,3,3,3],[2,4,3,4],[2,5,3,5]]}
["INSUMOS POR ETAPA/PRODUTO",{"$nulls":8},"CÓDIGO:"]
[{"$nulls":9},"CRO-1"]
["Cod.","Categoria / Insumo","Uni","Qde","CUD","PU","FatorK","E1. EVTEA","E2. AMB","E3. PB"]
[{"$nulls":6},"Meses",{"$f":"COUNTA('CRO2_Ins-Mes'!F45:U45)-COUNTIF('CRO2_Ins-Mes'!F45:U45,0)","v":2},{"$f":"COUNTA('CRO2_Ins-Mes'!F59:U59)-COUNTIF('CRO2_Ins-Mes'!F59:U59,0)","v":2},{"$f":"COUNTA('CRO2_Ins-Mes'!F73:U73)-COUNTIF('CRO2_Ins-Mes'!F73:U73,0)","v":2}]
[{"$f":"PFP!C8","v":"P0"},{"$f":"PFP!D8","v":"Engenheiro coordenador (P8061)"},"mês",{"$f":"SUM(H5:J5)","v":3},{"$f":"PFP!G8","v":17018.13},{"$f":"PFP!H8","v":24575.88},{"$f":"PFP!I8","v":1.4440999999999999},{"$f":"'CRO2_Ins-Mes'!E32","v":1},{"$f":"'CRO2_Ins-Mes'!E46","v":1},{"$f":"'CRO2_Ins-Mes'!E60","v":1}]
[{"$f":"PFP!C9","v":"P1"},{"$f":"PFP!D9","v":"Engenheiro sênior (P8067)"},"mês",0,{"$f":"PFP!G9","v":14672.91},{"$f":"PFP!H9","v":24874.98},{"$f":"PFP!I9","v":1.6953},{"$f":"'CRO2_Ins-Mes'!E33","v":0},{"$f":"'CRO2_Ins-Mes'!E47","v":0},{"$f":"'CRO2_Ins-Mes'!E61","v":0}]
[{"$f":"PFP!C10","v":"P2"},{"$f":"PFP!D10","v":"Engenheiro pleno (P8066)"},"mês",5,{"$f":"PFP!G10","v":11469.24},{"$f":"PFP!H10","v":27028.41},{"$f":"PFP!I10","v":2.3565999999999998},{"$f":"'CRO2_Ins-Mes'!E34","v":2},{"$f":"'CRO2_Ins-Mes'!E48","v":1},{"$f":"'CRO2_Ins-Mes'!E62","v":2}]
[{"$f":"PFP!C11","v":"P3"},{"$f":"PFP!D11","v":"Engenheiro júnior (P8065)"},"mês",5,{"$f":"PFP!G11","v":11067},{"$f":"PFP!H11","v":26080.49},{"$f":"PFP!I11","v":2.3565999999999998},{"$f":"'CRO2_Ins-Mes'!E35","v":2},{"$f":"'CRO2_Ins-Mes'!E49","v":1},{"$f":"'CRO2_Ins-Mes'!E63","v":2}]
[{"$f":"PFP!C12","v":"T1"},{"$f":"PFP!D12","v":"Técnico de projetos/obra (P8147)"},"mês",5,{"$f":"PFP!G12","v":3091.07},{"$f":"PFP!H12","v":7284.42},{"$f":"PFP!I12","v":2.3565999999999998},{"$f":"'CRO2_Ins-Mes'!E36","v":2},{"$f":"'CRO2_Ins-Mes'!E50","v":1},{"$f":"'CRO2_Ins-Mes'!E64","v":2}]
[{"$f":"PFP!C13","v":"D"},{"$f":"PFP!D13","v":"Desenhista (P9848)"},"mês",6,{"$f":"PFP!G13","v":2499.39},{"$f":"PFP!H13","v":5890.06},{"$f":"PFP!I13","v":2.3565999999999998},{"$f":"'CRO2_Ins-Mes'!E37","v":2},{"$f":"'CRO2_Ins-Mes'!E51","v":2},{"$f":"'CRO2_Ins-Mes'!E65","v":2}]
[{"$f":"PFP!C14","v":"A1"},{"$f":"PFP!D14","v":"Secretária (P8135)"},"mês",6,{"$f":"PFP!G14","v":2335.81},{"$f":"PFP!H14","v":5504.57},{"$f":"PFP!I14","v":2.3565999999999998},{"$f":"'CRO2_Ins-Mes'!E38","v":2},{"$f":"'CRO2_Ins-Mes'!E52","v":2},{"$f":"'CRO2_Ins-Mes'!E66","v":2}]
[{"$f":"PFP!C15","v":"ECA"},{"$f":"PFP!D15","v":"Encargos Comp. e Adicionais"},"mês",30,{"$f":"PFP!G15","v":988.41000000000008},{"$f":"PFP!H15","v":1241.25},{"$f":"PFP!I15","v":1.2558},{"$f":"SUM(H5:H11)","v":11},{"$f":"SUM(I5:I11)","v":8},{"$f":"SUM(J5:J11)","v":11}]
[{"$f":"PFP!C16","v":"AT3"},{"$f":"PFP!D16","v":"Auxilio Transporte Secretária"},"mês",6,{"$f":"PFP!G16","v":7.2243600000000043},{"$f":"PFP!H16","v":9.07},{"$f":"PFP!I16","v":1.2558},{"$f":"H11","v":2},{"$f":"I11","v":2},2]
[{"$f":"PFP!C17","v":"V1"},{"$f":"PFP!D17","v":"Diárias"},"dia",80,{"$f":"PFP!G17","v":239},{"$f":"PFP!H17","v":300.14},{"$f":"PFP!I17","v":1.2558},{"$f":"'CRO2_Ins-Mes'!E39","v":20},{"$f":"'CRO2_Ins-Mes'!E53","v":20},{"$f":"'CRO2_Ins-Mes'!E67","v":40}]
[{"$f":"PFP!C18","v":"V2"},{"$f":"PFP!D18","v":"Pick-up Cab.dupla 2.8 4x4 Diesel"},"un",40,{"$f":"PFP!G18","v":464.91},{"$f":"PFP!H18","v":583.83000000000004},{"$f":"PFP!I18","v":1.2558},{"$f":"'CRO2_Ins-Mes'!E40","v":10},{"$f":"'CRO2_Ins-Mes'!E54","v":10},{"$f":"'CRO2_Ins-Mes'!E68","v":20}]
["RP",{"$f":"PFP!D19","v":"Relatório Parcial"},"un",2,{"$f":"PFP!G19","v":34.412458175142888},{"$f":"PFP!H19","v":43.22},{"$f":"PFP!I19","v":1.2558},{"$f":"'CRO2_Ins-Mes'!E41","v":1},{"$f":"'CRO2_Ins-Mes'!E55","v":0},{"$f":"'CRO2_Ins-Mes'!E69","v":1}]
["RF",{"$f":"PFP!D20","v":"Relatório Final"},"un",3,{"$f":"PFP!G20","v":1525.9113388126327},{"$f":"PFP!H20","v":1916.24},{"$f":"PFP!I20","v":1.2558},{"$f":"'CRO2_Ins-Mes'!E42","v":1},{"$f":"'CRO2_Ins-Mes'!E56","v":1},{"$f":"'CRO2_Ins-Mes'!E70","v":1}]
[{"$f":"PFP!C21","v":"TOP"},{"$f":"PFP!D21","v":"Total Serviços Topográficos"},"un",1,{"$f":"PFP!G21","v":"-"},{"$f":"PFP!H21","v":13260},{"$f":"PFP!I21","v":"-"},{"$f":"'CRO2_Ins-Mes'!E43","v":1},{"$f":"'CRO2_Ins-Mes'!E57","v":0},{"$f":"'CRO2_Ins-Mes'!E71","v":0}]
[{"$f":"PFP!C22","v":"GEO"},{"$f":"PFP!D22","v":"Total Serviços Geotécnicos"},"un",1,{"$f":"PFP!G22","v":"-"},{"$f":"PFP!H22","v":12189.679999999998},{"$f":"PFP!I22","v":"-"},{"$f":"'CRO2_Ins-Mes'!E44","v":1},{"$f":"'CRO2_Ins-Mes'!E58","v":0},{"$f":"'CRO2_Ins-Mes'!E72","v":0}]
["TOTAL","80% DO VALOR POR PRODUTO","R$",448002.54399999999,null,null,null,{"$f":"0.8*(H5*$F$5+H6*$F$6+H7*$F$7+H8*$F$8+H9*$F$9+H10*$F$10+H11*$F$11+H12*$F$12+H13*$F$13+H14*$F$14+H15*$F$15+H16*$F$16+H17*$F$17+H18*$F$18+H19*$F$19)","v":176859.12799999997},{"$f":"0.8*(I5*$F$5+I6*$F$6+I7*$F$7+I8*$F$8+I9*$F$9+I10*$F$10+I11*$F$11+I12*$F$12+I13*$F$13+I14*$F$14+I15*$F$15+I16*$F$16+I17*$F$17+I18*$F$18+I19*$F$19)","v":105171.152},{"$f":"0.8*(J5*$F$5+J6*$F$6+J7*$F$7+J8*$F$8+J9*$F$9+J10*$F$10+J11*$F$11+J12*$F$12+J13*$F$13+J14*$F$14+J15*$F$15+J16*$F$16+J17*$F$17+J18*$F$18+J19*$F$19)","v":165972.264}]
[null,"20% DO VALOR POR PRODUTO","R$",112000.636,null,null,null,{"$f":"0.2*(H5*$F$5+H6*$F$6+H7*$F$7+H8*$F$8+H9*$F$9+H10*$F$10+H11*$F$11+H12*$F$12+H13*$F$13+H14*$F$14+H15*$F$15+H16*$F$16+H17*$F$17+H18*$F$18+H19*$F$19)","v":44214.781999999992},{"$f":"0.2*(I5*$F$5+I6*$F$6+I7*$F$7+I8*$F$8+I9*$F$9+I10*$F$10+I11*$F$11+I12*$F$12+I13*$F$13+I14*$F$14+I15*$F$15+I16*$F$16+I17*$F$17+I18*$F$18+I19*$F$19)","v":26292.788},{"$f":"0.2*(J5*$F$5+J6*$F$6+J7*$F$7+J8*$F$8+J9*$F$9+J10*$F$10+J11*$F$11+J12*$F$12+J13*$F$13+J14*$F$14+J15*$F$15+J16*$F$16+J17*$F$17+J18*$F$18+J19*$F$19)","v":41493.065999999999}]
[null,"VALOR POR PRODUTO","R$",{"$f":"D21+D20","v":560003.17999999993},null,null,null,{"$f":"H21+H20","v":221073.90999999997},{"$f":"I21+I20","v":131463.94},{"$f":"J21+J20","v":207465.33}]
[null,"% DO VALOR POR PRODUTO","%",{"$f":"SUM(H23:J23)","v":1},null,null,null,{"$f":"ROUND(H20/$D$20,5)","v":0.39477000000000001},{"$f":"ROUND(I20/$D$20,5)","v":0.23476},{"$f":"ROUND(J20/$D$20,5)","v":0.37047000000000002}]

{"sheet":"CRO2_Ins-Mes","index":15,"n_rows":74,"n_cols":21,"rows_kept":74,"cut":false,"hidden":false,"merged":[[0,0,1,20],[97,5,97,20]]}
["CRONOGRAMA FÍSICO"]
[]
["Cod1","Cod2","Produtos","Uni","Qde",1,2,3,4,5,6,7,8,9,10,11,12,13,14,15,16]
["1","E1.1","Caracterização Geográfica, Demográfica e Justificativas Iniciais","mês",{"$f":"SUM(F4:U4)","v":1},1]
["1","E1.2","Estudo Topográfico (levantamento planialtimétrico)","mês",0.5,0.5]
["1","E1.3","Estudo Geotécnico (Sondagem geotécnica)","mês",0.5,0.5]
["1","E1.4","Avaliação dos Impactos Ambientais","mês",1,1]
["1","E1.5","Relatório Parcial","mês",{"$f":"SUM(F8:U8)","v":1},1]
["1","E1.6","Avaliação Técnica, Socioeconômica e Ambiental das Alternativas","mês",2,1,1]
["1","E1.7","Regularização fundiária","mês",{"$f":"SUM(F10:U10)","v":0.5},null,0.5]
["1","E1.8","Programa de necessidades","mês",{"$f":"SUM(F11:U11)","v":1},null,1]
["1","E1.9","Relatório Final","mês",1,null,1]
["1","1","Estudo de Viabilidade Técnica, Econômica e Ambiental","mês",2,{"$f":"SUBTOTAL(4,F4:F12)","v":1},1,{"$f":"SUBTOTAL(4,H4:H12)","v":0},0,0,0,0,0,0,0,0,0,0,0,0,0]
["2","E2.1","Estudos Ambientais","mês",2,null,1,1]
["2","E2","Estudos Ambientais","mês",2,{"$f":"SUBTOTAL(4,F14:F14)","v":0},1,1,0,0,0,0,0,null,0,0,0,0,0,0,0]
["3","E3.1","Projeto de Terraplanagem","mês",1,null,null,1]
["3","E3.2","Projeto arquitetônico","mês",1,null,null,1]
["3","E3.3","Projeto de Paisagismo","mês",1,null,null,1]
["3","E3.4","Projeto de Ambientação","mês",1,null,null,1]
["3","E3.5","Projeto Estrutural","mês",1,null,null,1]
["3","E3.6","Projeto Elétrico","mês",1,null,null,1]
["3","E3.7","Projeto Hidrossanitário","mês",1,null,null,1]
["3","E3.8","Projeto de Rede Estruturada","mês",1,null,null,null,1]
["3","E3.9","Projeto de Climatização e Refrigeração Industrial","mês",{"$f":"SUM(F24:U24)","v":1},null,null,null,1]
["3","E3.10","Projeto de Drenagem de Águas Pluviais","mês",1,null,null,null,1]
["3","E3.11","Projeto de Combate a Incêndio e pânico","mês",1,null,null,null,1]
["3","E3.12","Orçamento Detalhado da Obra, Especificações Técnicas e Termo de Referência","mês",1,null,null,null,1]
["3","E3.13","Relatório Final","mês",1,null,null,null,1]
["3","E3","Estudos de Campo e Projeto Básico","mês",2,{"$f":"SUBTOTAL(4,F16:F28)","v":0},0,1,1,0,0,0,0,0,0,0,null,{"$f":"SUBTOTAL(4,R16:R28)","v":0},{"$f":"SUBTOTAL(4,S16:S28)","v":0},{"$f":"SUBTOTAL(4,T16:T28)","v":0},{"$f":"SUBTOTAL(4,U16:U28)","v":0}]
["Total","Total","Balanço Temporal","mês",4,{"$f":"SUBTOTAL(4,F4:F29)","v":1},1,1,1,0,0,0,0,0,0,0,0,0,0,0,0]
["Cod1","Cod2","Insumos","Uni","Qde",1,2,3,4,5,6,7,8,9,10,11,12,13,14,15,16]
[1,{"$f":"PFP!C8","v":"P0"},{"$f":"PFP!D8","v":"Engenheiro coordenador (P8061)"},{"$f":"PFP!E8","v":"mês"},{"$f":"SUM(F32:U32)","v":1},0.5,0.5]
[1,{"$f":"PFP!C9","v":"P1"},{"$f":"PFP!D9","v":"Engenheiro sênior (P8067)"},{"$f":"PFP!E9","v":"mês"},0]
[1,{"$f":"PFP!C10","v":"P2"},{"$f":"PFP!D10","v":"Engenheiro pleno (P8066)"},{"$f":"PFP!E10","v":"mês"},2,1,1]
[1,{"$f":"PFP!C11","v":"P3"},{"$f":"PFP!D11","v":"Engenheiro júnior (P8065)"},{"$f":"PFP!E11","v":"mês"},2,1,1]
[1,{"$f":"PFP!C12","v":"T1"},{"$f":"PFP!D12","v":"Técnico de projetos/obra (P8147)"},{"$f":"PFP!E12","v":"mês"},2,1,1]
[1,{"$f":"PFP!C13","v":"D"},{"$f":"PFP!D13","v":"Desenhista (P9848)"},{"$f":"PFP!E13","v":"mês"},2,1,1]
[1,"A1",{"$f":"PFP!D14","v":"Secretária (P8135)"},"mês",2,1,1]
[1,{"$f":"PFP!C17","v":"V1"},{"$f":"PFP!D17","v":"Diárias"},{"$f":"PFP!E17","v":"dia"},20,10,10]
[1,{"$f":"PFP!C18","v":"V2"},{"$f":"PFP!D18","v":"Pick-up Cab.dupla 2.8 4x4 Diesel"},{"$f":"PFP!E18","v":"dia"},10,5,5]
[1,"RPE",{"$f":"PFP!D19","v":"Relatório Parcial"},{"$f":"PFP!E19","v":"un"},1,1]
[1,"RFE",{"$f":"PFP!D20","v":"Relatório Final"},{"$f":"PFP!E20","v":"un"},1,null,1]
[1,{"$f":"PFP!C21","v":"TOP"},{"$f":"PFP!D21","v":"Total Serviços Topográficos"},{"$f":"PFP!E21","v":"un"},1,0.5,0.5]
[1,{"$f":"PFP!C22","v":"GEO"},{"$f":"PFP!D22","v":"Total Serviços Geotécnicos"},{"$f":"PFP!E22","v":"un"},1,0.5,0.5]
["1",null,"Estudo de Viabilidade Técnica, Econômica e Ambiental",null,null,{"$f":"SUBTOTAL(5,F32:F44)","v":0.5},0.5,0,0,0,0,0,0,0,0,0,0,0,0,0,0]
[2,{"$f":"PFP!C8","v":"P0"},{"$f":"PFP!D8","v":"Engenheiro coordenador (P8061)"},{"$f":"PFP!E8","v":"mês"},{"$f":"SUM(F46:U46)","v":1},null,0.5,0.5]
[2,{"$f":"PFP!C9","v":"P1"},{"$f":"PFP!D9","v":"Engenheiro sênior (P8067)"},{"$f":"PFP!E9","v":"mês"},0]
[2,{"$f":"PFP!C10","v":"P2"},{"$f":"PFP!D10","v":"Engenheiro pleno (P8066)"},{"$f":"PFP!E10","v":"mês"},1,null,0.5,0.5]
[2,{"$f":"PFP!C11","v":"P3"},{"$f":"PFP!D11","v":"Engenheiro júnior (P8065)"},{"$f":"PFP!E11","v":"mês"},1,null,0.5,0.5]
[2,{"$f":"PFP!C12","v":"T1"},{"$f":"PFP!D12","v":"Técnico de projetos/obra (P8147)"},{"$f":"PFP!E12","v":"mês"},1,null,0.5,0.5]
[2,{"$f":"PFP!C13","v":"D"},{"$f":"PFP!D13","v":"Desenhista (P9848)"},{"$f":"PFP!E13","v":"mês"},2,null,1,1]
[2,{"$f":"PFP!C14","v":"A1"},{"$f":"PFP!D14","v":"Secretária (P8135)"},{"$f":"PFP!E14","v":"mês"},2,null,1,1]
[2,{"$f":"PFP!C17","v":"V1"},{"$f":"PFP!D17","v":"Diárias"},{"$f":"PFP!E17","v":"dia"},20,null,10,10]
[2,{"$f":"PFP!C18","v":"V2"},{"$f":"PFP!D18","v":"Pick-up Cab.dupla 2.8 4x4 Diesel"},{"$f":"PFP!E18","v":"dia"},10,null,5,5]
[2,"RPA",{"$f":"PFP!D19","v":"Relatório Parcial"},{"$f":"PFP!E19","v":"un"},0]
[2,"RFA",{"$f":"PFP!D20","v":"Relatório Final"},{"$f":"PFP!E20","v":"un"},1,null,null,1]
[2,{"$f":"PFP!C21","v":"TOP"},{"$f":"PFP!D21","v":"Total Serviços Topográficos"},{"$f":"PFP!E21","v":"un"},0]
[2,{"$f":"PFP!C22","v":"GEO"},{"$f":"PFP!D22","v":"Total Serviços Geotécnicos"},{"$f":"PFP!E22","v":"un"},0]
[2,null,"Estudos Ambientais",null,null,{"$f":"SUBTOTAL(5,F46:F58)","v":0},0.5,0.5,0,0,0,0,0,0,0,0,0,0,0,0,0]
[3,{"$f":"PFP!C8","v":"P0"},{"$f":"PFP!D8","v":"Engenheiro coordenador (P8061)"},{"$f":"PFP!E8","v":"mês"},{"$f":"SUM(F60:U60)","v":1},null,null,0.5,0.5]
[3,{"$f":"PFP!C9","v":"P1"},{"$f":"PFP!D9","v":"Engenheiro sênior (P8067)"},{"$f":"PFP!E9","v":"mês"},0]
[3,{"$f":"PFP!C10","v":"P2"},{"$f":"PFP!D10","v":"Engenheiro pleno (P8066)"},{"$f":"PFP!E10","v":"mês"},2,null,null,1,1]
[3,{"$f":"PFP!C11","v":"P3"},{"$f":"PFP!D11","v":"Engenheiro júnior (P8065)"},{"$f":"PFP!E11","v":"mês"},2,null,null,1,1]
[3,{"$f":"PFP!C12","v":"T1"},{"$f":"PFP!D12","v":"Técnico de projetos/obra (P8147)"},{"$f":"PFP!E12","v":"mês"},2,null,null,1,1]
[3,{"$f":"PFP!C13","v":"D"},{"$f":"PFP!D13","v":"Desenhista (P9848)"},{"$f":"PFP!E13","v":"mês"},2,null,null,1,1]
[3,{"$f":"PFP!C14","v":"A1"},{"$f":"PFP!D14","v":"Secretária (P8135)"},{"$f":"PFP!E14","v":"mês"},2,null,null,1,1]
[3,{"$f":"PFP!C17","v":"V1"},{"$f":"PFP!D17","v":"Diárias"},{"$f":"PFP!E17","v":"dia"},40,null,null,20,20]
[3,{"$f":"PFP!C18","v":"V2"},{"$f":"PFP!D18","v":"Pick-up Cab.dupla 2.8 4x4 Diesel"},{"$f":"PFP!E18","v":"dia"},20,null,null,10,10]
[3,"RPP",{"$f":"PFP!D19","v":"Relatório Parcial"},{"$f":"PFP!E19","v":"un"},1,null,null,1]
[3,"RFP",{"$f":"PFP!D20","v":"Relatório Final"},{"$f":"PFP!E20","v":"un"},1,null,null,null,1]
[3,{"$f":"PFP!C21","v":"TOP"},{"$f":"PFP!D21","v":"Total Serviços Topográficos"},{"$f":"PFP!E21","v":"un"},0]
[3,{"$f":"PFP!C22","v":"GEO"},{"$f":"PFP!D22","v":"Total Serviços Geotécnicos"},{"$f":"PFP!E22","v":"un"},0]
[3,null,"Estudos de Campo e Projeto Básico",null,null,{"$f":"SUBTOTAL(5,F60:F72)","v":0},0,0.5,0.5,0,0,0,0,0,0,0,0,0,0,0,0]
["Total",null,"Balanço de Insumos",null,null,{"$f":"SUBTOTAL(2,F32:F73)","v":11},19,18,9,0,0,0,0,0,0,0,0,0,0,0,0]